Tous les joueurs nommés au Ballon d'Or (1956 - 2024) - Statistiques

Statistiques générales
  • Ce quiz a été pris 186 fois
  • Le résultat moyen est 671 sur 1932
Statistiques - réponses
Année Classement Pays Joueur % Correct
2006 20 Argentine Lionel Messi
97%
2007 3 Argentine Lionel Messi
97%
2008 2 Argentine Lionel Messi
97%
2009 1 Argentine Lionel Messi
97%
2010 1 Argentine Lionel Messi
97%
2011 1 Argentine Lionel Messi
97%
2012 1 Argentine Lionel Messi
97%
2013 2 Argentine Lionel Messi
97%
2014 2 Argentine Lionel Messi
97%
2015 1 Argentine Lionel Messi
97%
2016 2 Argentine Lionel Messi
97%
2017 2 Argentine Lionel Messi
97%
2018 5 Argentine Lionel Messi
97%
2019 1 Argentine Lionel Messi
97%
2021 1 Argentine Lionel Messi
97%
2023 1 Argentine Lionel Messi
97%
2004 12 Portugal Cristiano Ronaldo
96%
2005 20 Portugal Cristiano Ronaldo
96%
2006 14 Portugal Cristiano Ronaldo
96%
2007 2 Portugal Cristiano Ronaldo
96%
2008 1 Portugal Cristiano Ronaldo
96%
2009 2 Portugal Cristiano Ronaldo
96%
2010 6 Portugal Cristiano Ronaldo
96%
2011 2 Portugal Cristiano Ronaldo
96%
2012 2 Portugal Cristiano Ronaldo
96%
2013 1 Portugal Cristiano Ronaldo
96%
2014 1 Portugal Cristiano Ronaldo
96%
2015 2 Portugal Cristiano Ronaldo
96%
2016 1 Portugal Cristiano Ronaldo
96%
2017 1 Portugal Cristiano Ronaldo
96%
2018 2 Portugal Cristiano Ronaldo
96%
2019 3 Portugal Cristiano Ronaldo
96%
2021 6 Portugal Cristiano Ronaldo
96%
2022 20 Portugal Cristiano Ronaldo
96%
1995 26 Brésil Ronaldo
95%
1996 2 Brésil Ronaldo
95%
1997 1 Brésil Ronaldo
95%
1998 3 Brésil Ronaldo
95%
1999 23 Brésil Ronaldo
95%
2002 1 Brésil Ronaldo
95%
2003 11 Zambia Ronaldo
95%
2021 11 Norvège Erling Haaland
93%
2022 10 Norvège Erling Haaland
93%
2023 2 Norvège Erling Haaland
93%
2024 5 Norvège Erling Haaland
93%
2009 30 France Karim Benzema
93%
2011 19 France Karim Benzema
93%
2012 22 France Karim Benzema
93%
2014 16 France Karim Benzema
93%
2015 20 France Karim Benzema
93%
2017 25 France Karim Benzema
93%
2018 17 France Karim Benzema
93%
2019 26 France Karim Benzema
93%
2021 4 France Karim Benzema
93%
2022 1 France Karim Benzema
93%
2023 16 France Karim Benzema
93%
2023 5 Espagne Rodri
93%
2024 1 Espagne Rodri
93%
2016 3 France Antoine Griezmann
91%
2017 18 France Antoine Griezmann
91%
2018 3 France Antoine Griezmann
91%
2019 18 France Antoine Griezmann
91%
2023 21 France Antoine Griezmann
91%
2016 17 Croatie Luka Modrić
91%
2017 5 Croatie Luka Modrić
91%
2018 1 Croatie Luka Modrić
91%
2021 29 Croatie Luka Modrić
91%
2022 9 Croatie Luka Modrić
91%
2023 10 Croatie Luka Modrić
91%
1996 28 France Zinédine Zidane
91%
1997 3 France Zinédine Zidane
91%
1998 1 France Zinédine Zidane
91%
1999 19 France Zinédine Zidane
91%
2000 2 France Zinédine Zidane
91%
2001 9 France Zinédine Zidane
91%
2002 4 France Zinédine Zidane
91%
2003 5 France Zinédine Zidane
91%
2004 23 France Zinédine Zidane
91%
2005 18 France Zinédine Zidane
91%
2006 5 France Zinédine Zidane
91%
2015 18 Belgique Kevin De Bruyne
89%
2016 20 Belgique Kevin De Bruyne
89%
2017 14 Belgique Kevin De Bruyne
89%
2018 9 Belgique Kevin De Bruyne
89%
2019 14 Belgique Kevin De Bruyne
89%
2021 8 Belgique Kevin De Bruyne
89%
2022 3 Belgique Kevin De Bruyne
89%
2023 4 Belgique Kevin De Bruyne
89%
2017 7 France Kylian Mbappé
89%
2018 4 France Kylian Mbappé
89%
2019 6 France Kylian Mbappé
89%
2021 9 France Kylian Mbappé
89%
2022 6 France Kylian Mbappé
89%
2023 3 France Kylian Mbappé
89%
2024 6 France Kylian Mbappé
89%
2000 24 Allemagne Oliver Kahn
89%
2001 3 Allemagne Oliver Kahn
89%
2002 3 Allemagne Oliver Kahn
89%
2022 8 Brésil Vinícius Júnior
89%
2023 6 Brésil Vinícius Júnior
89%
2024 2 Brésil Vinícius Júnior
89%
2009 4 Espagne Andrés Iniesta
88%
2010 2 Espagne Andrés Iniesta
88%
2011 4 Espagne Andrés Iniesta
88%
2012 3 Espagne Andrés Iniesta
88%
2013 6 Espagne Andrés Iniesta
88%
2014 17 Espagne Andrés Iniesta
88%
2015 9 Espagne Andrés Iniesta
88%
2016 20 Espagne Andrés Iniesta
88%
2018 6 Égypte Mohamed Salah
88%
2019 5 Égypte Mohamed Salah
88%
2021 7 Égypte Mohamed Salah
88%
2022 5 Égypte Mohamed Salah
88%
2023 11 Égypte Mohamed Salah
88%
2011 10 Brésil Neymar
88%
2012 13 Brésil Neymar
88%
2013 5 Brésil Neymar
88%
2014 7 Brésil Neymar
88%
2015 3 Brésil Neymar
88%
2016 5 Bresil Neymar
88%
2017 3 Bresil Neymar
88%
2018 12 Brésil Neymar
88%
2021 16 Brésil Neymar
88%
2013 13 Pologne Robert Lewandowski
88%
2015 4 Pologne Robert Lewandowski
88%
2016 16 Pologne Robert Lewandowski
88%
2017 9 Pologne Robert Lewandowski
88%
2019 8 Pologne Robert Lewandowski
88%
2021 2 Pologne Robert Lewandowski
88%
2022 4 Pologne Robert Lewandowski
88%
2023 12 Pologne Robert Lewandowski
88%
2019 22 Corée du Sud Son Heung-min
88%
2022 11 Corée du Sud Son Heung-min
88%
2008 5 Espagne Xavi
88%
2009 3 Espagne Xavi
88%
2010 3 Espagne Xavi
88%
2011 3 Espagne Xavi
88%
2012 4 Espagne Xavi
88%
2013 15 Espagne Xavi
88%
1976 21 Allemagne de l'Ouest Dieter Müller
87%
1977 20 Allemagne de l'Ouest Dieter Müller
87%
1967 7 Allemagne de l'Ouest Gerd Müller
87%
1968 20 Allemagne de l'Ouest Gerd Müller
87%
1969 3 Allemagne de l'Ouest Gerd Müller
87%
1970 1 Allemagne de l'Ouest Gerd Müller
87%
1971 6 Allemagne de l'Ouest Gerd Müller
87%
1972 2 Allemagne de l'Ouest Gerd Müller
87%
1973 3 Allemagne de l'Ouest Gerd Müller
87%
1974 7 Allemagne de l'Ouest Gerd Müller
87%
1975 17 Allemagne de l'Ouest Gerd Müller
87%
1976 9 Allemagne de l'Ouest Gerd Müller
87%
1978 21 Allemagne de l'Ouest Hansi Müller
87%
1979 27 Allemagne de l'Ouest Hansi Müller
87%
1980 8 Allemagne de l'Ouest Hansi Müller
87%
2023 18 Angleterre Jude Bellingham
87%
2024 3 Angleterre Jude Bellingham
87%
1961 28 France Lucien Muller
87%
1958 14 Espagne Luis Suarez
87%
1959 4 Espagne Luis Suarez
87%
1960 1 Espagne Luis Suarez
87%
1961 2 Espagne Luis Suárez
87%
1962 15 Espagne Luis Suárez
87%
1963 8 Espagne Luis Suárez
87%
1964 2 Espagne Luis Suárez
87%
1965 3 Espagne Luis Suárez
87%
2011 6 Uruguay Luis Suárez
87%
2013 19 Uruguay Luis Suárez
87%
2015 5 Uruguay Luis Suárez
87%
2016 4 Uruguay Luis Suárez
87%
2017 13 Uruguay Luis Suárez
87%
2018 13 Uruguay Luis Suárez
87%
2021 17 Uruguay Luis Suárez
87%
serov 19 Allemagne Manuel Neuer
87%
2013 23 Allemagne Manuel Neuer
87%
2014 3 Allemagne Manuel Neuer
87%
2015 7 Allemagne Manuel Neuer
87%
2016 20 Allemagne Manuel Neuer
87%
2010 15 Allemagne Thomas Müller
87%
2011 13 Allemagne Thomas Müller
87%
2013 17 Allemagne Thomas Müller
87%
2014 5 Allemagne Thomas Müller
87%
2015 6 Allemagne Thomas Müller
87%
2016 20 Allemagne Thomas Müller
87%
2013 22 Belgique Eden Hazard
86%
2014 21 Belgique Eden Hazard
86%
2015 8 Belgique Eden Hazard
86%
2017 19 Belgique Eden Hazard
86%
2018 8 Belgique Eden Hazard
86%
2019 13 Belgique Eden Hazard
86%
2000 4 France Thierry Henry
86%
2001 9 France Thierry Henry
86%
2002 6 France Thierry Henry
86%
2003 2 France Thierry Henry
86%
2004 4 France Thierry Henry
86%
2005 4 France Thierry Henry
86%
2006 3 France Thierry Henry
86%
2007 19 France Thierry Henry
86%
2009 15 France Thierry Henry
86%
2003 20 Suède Zlatan Ibrahimović
86%
2004 14 Suède Zlatan Ibrahimović
86%
2005 8 Suède Zlatan Ibrahimović
86%
2007 7 Suède Zlatan Ibrahimović
86%
2008 9 Suède Zlatan Ibrahimović
86%
2009 7 Suède Zlatan Ibrahimović
86%
2012 10 Suède Zlatan Ibrahimović
86%
2013 4 Suède Zlatan Ibrahimović
86%
2014 12 Suède Zlatan Ibrahimović
86%
2015 11 Suède Zlatan Ibrahimović
86%
2016 13 Suede Zlatan Ibrahimović
86%
2003 9 Italie Gianluigi Buffon
85%
2004 17 Italie Gianluigi Buffon
85%
2005 19 Italie Gianluigi Buffon
85%
2006 2 Italie Gianluigi Buffon
85%
2007 19 Italie Gianluigi Buffon
85%
2008 18 Italie Gianluigi Buffon
85%
2012 16 Italie Gianluigi Buffon
85%
2016 9 Italie Gianluigi Buffon
85%
2017 4 Italie Gianluigi Buffon
85%
2006 13 France Franck Ribéry
84%
2007 17 France Franck Ribéry
84%
2008 16 France Franck Ribéry
84%
2009 28 France Franck Ribéry
84%
2013 3 France Franck Ribéry
84%
2004 17 Côte d'ivoire Didier Drogba
83%
2005 14 Côte d'ivoire Didier Drogba
83%
2006 8 Côte d'ivoire Didier Drogba
83%
2007 4 Côte d'ivoire Didier Drogba
83%
2008 21 Côte d'Ivoire Didier Drogba
83%
2009 9 Côte d'Ivoire Didier Drogba
83%
2010 9 Côte d'Ivoire Didier Drogba
83%
2012 8 Côte d'Ivoire Didier Drogba
83%
2023 15 Argentine Emiliano Martínez
83%
2024 18 Argentine Emiliano Martínez
83%
2021 21 Argentine Lautaro Martínez
83%
2023 20 Argentine Lautaro Martínez
83%
2024 7 Argentine Lautaro Martínez
83%
2013 9 Pays de Galles Gareth Bale
82%
2014 12 Pays de Galles Gareth Bale
82%
2015 16 Pays de Galles Gareth Bale
82%
2016 6 Pays de Galles Gareth Bale
82%
2018 17 Pays de Galles Gareth Bale
82%
2017 8 France N'Golo Kanté
82%
2018 11 France N'Golo Kanté
82%
2021 5 France N'Golo Kanté
82%
2019 2 Pays-Bas Virgil van Dijk
82%
2022 16 Pays-Bas Virgil van Dijk
82%
2013 20 Uruguay Edinson Cavani
81%
2017 11 Uruguay Edinson Cavani
81%
2018 22 Uruguay Edinson Cavani
81%
2014 8 Colombie James Rodríguez
81%
2015 19 Colombie James Rodríguez
81%
2004 15 Brésil Kaká
81%
2005 9 Brésil Kaká
81%
2006 11 Brésil Kaká
81%
2007 1 Brésil Kaká
81%
2008 8 Brésil Kaká
81%
2009 6 Brésil Kaká
81%
2016 7 Algerie Riyad Mahrez
81%
2019 10 Algérie Riyad Mahrez
81%
2021 20 Algérie Riyad Mahrez
81%
2022 12 Algérie Riyad Mahrez
81%
2010 14 Pays-Bas Arjen Robben
80%
2013 8 Pays-Bas Arjen Robben
80%
2014 4 Pays-Bas Arjen Robben
80%
2015 22 Pays-Bas Arjen Robben
80%
2017 10 Angleterre Harry Kane
80%
2018 10 Angleterre Harry Kane
80%
2021 23 Angleterre Harry Kane
80%
2022 21 Angleterre Harry Kane
80%
2023 19 Angleterre Harry Kane
80%
2024 10 Angleterre Harry Kane
80%
2024 8 Espagne Lamine Yamal
80%
2018 7 France Raphaël Varane
80%
2017 23 Sénégal Sadio Mané
80%
2018 22 Sénégal Sadio Mané
80%
2019 4 Sénégal Sadio Mané
80%
2022 2 Sénégal Sadio Mané
80%
2004 15 Cameroun Samuel Eto'o
80%
2005 10 Cameroun Samuel Eto'o
80%
2006 6 Cameroun Samuel Eto'o
80%
2007 30 Cameroun Samuel Eto'o
80%
2008 17 Cameroun Samuel Eto'o
80%
2009 5 Cameroun Samuel Eto'o
80%
2010 12 Cameroun Samuel Eto'o
80%
2011 8 Cameroun Samuel Eto'o
80%
2014 22 France Paul Pogba
79%
2015 15 France Paul Pogba
79%
2016 14 France Paul Pogba
79%
2018 15 France Paul Pogba
79%
2002 12 Brésil Ronaldinho
79%
2003 22 Brésil Ronaldinho
79%
2004 3 Brésil Ronaldinho
79%
2005 1 Brésil Ronaldinho
79%
2006 4 Brésil Ronaldinho
79%
2007 12 Brésil Ronaldinho
79%
2008 21 Espagne Sergio Ramos
79%
2012 18 Espagne Sergio Ramos
79%
2014 23 Espagne Sergio Ramos
79%
2016 20 Espagne Sergio Ramos
79%
2017 6 Espagne Sergio Ramos
79%
2018 19 Espagne Sergio Ramos
79%
1976 5 France Michel Platini
77%
1977 3 France Michel Platini
77%
1978 21 France Michel Platini
77%
1979 5 France Michel Platini
77%
1980 3 France Michel Platini
77%
1981 4 France Michel Platini
77%
1982 9 France Michel Platini
77%
1983 1 France Michel Platini
77%
1984 1 France Michel Platini
77%
1985 1 France Michel Platini
77%
1986 11 France Michel Platini
77%
2006 25 Italie Philipp Lahm
77%
2010 22 Allemagne Philipp Lahm
77%
2013 14 Allemagne Philipp Lahm
77%
2014 6 Allemagne Philipp Lahm
77%
2013 21 Brésil Thiago Silva
77%
2014 9 Allemagne Toni Kroos
77%
2015 21 Allemagne Toni Kroos
77%
2016 17 Allemagne Toni Kroos
77%
2017 17 Allemagne Toni Kroos
77%
2024 9 Allemagne Toni Kroos
77%
2009 28 Côte d'Ivoire Yaya Touré
77%
2012 12 Côte d'Ivoire Yaya Touré
77%
2013 12 Côte d'Ivoire Yaya Touré
77%
2014 14 Côte d'Ivoire Yaya Touré
77%
2015 12 Côte d'Ivoire Yaya Touré
77%
2014 10 Argentine Ángel Di María
76%
2019 9 Portugal Bernardo Silva
76%
2022 22 Portugal Bernardo Silva
76%
2023 9 Portugal Bernardo Silva
76%
2007 27 Espagne Iker Casillas
76%
2008 4 Espagne Iker Casillas
76%
2009 16 Espagne Iker Casillas
76%
2010 7 Espagne Iker Casillas
76%
2011 9 Espagne Iker Casillas
76%
2012 6 Espagne Iker Casillas
76%
2014 20 Belgique Thibaut Courtois
76%
2018 14 Belgique Thibaut Courtois
76%
2022 7 Belgique Thibaut Courtois
76%
2024 4 Espagne Dani Carvajal
75%
1967 13 Italie Luigi Riva
75%
1968 6 Italie Luigi Riva
75%
1969 2 Italie Luigi Riva
75%
1970 3 Italie Luigi Riva
75%
2016 20 France Hugo Lloris
74%
2018 29 France Hugo Lloris
74%
2019 23 France Hugo Lloris
74%
1989 10 France Jean-Pierre Papin
74%
1990 11 France Jean-Pierre Papin
74%
1991 1 France Jean-Pierre Papin
74%
1992 16 France Jean-Pierre Papin
74%
1994 16 France Jean-Pierre Papin
74%
2023 28 Norvège Martin Ødegaard
74%
2024 19 Norvège Martin Ødegaard
74%
1997 33 Brésil Rivaldo
74%
1998 5 Brésil Rivaldo
74%
1999 1 Brésil Rivaldo
74%
2000 5 Brésil Rivaldo
74%
2001 7 Brésil Rivaldo
74%
2002 8 Brésil Rivaldo
74%
2012 20 Espagne Sergio Busquets
74%
1999 3 Ukraine Andriy Chevtchenko
73%
2001 8 Ukraine Andriy Chevtchenko
73%
2003 4 Ukraine Andriy Chevtchenko
73%
2004 1 Ukraine Andriy Chevtchenko
73%
2005 5 Ukraine Andriy Chevtchenko
73%
2000 3 Ukraine Andriy Shevchenko
73%
2006 1 Italie Fabio Cannavaro
73%
2007 24 Italie Fabio Cannavaro
73%
1968 24 Yougoslavie Ivica Osim
73%
2007 30 Pays-Bas Robin van Persie
73%
2012 9 Pays-Bas Robin van Persie
73%
2013 7 Pays-Bas Robin van Persie
73%
2016 11 Gabon Pierre-Emerick Aubameyang
72%
2017 21 Gabon Pierre-Emerick Aubameyang
72%
2019 20 Gabon Pierre-Emerick Aubameyang
72%
1956 3 France Raymond Kopa
72%
1957 3 France Raymond Kopa
72%
1958 1 France Raymond Kopa
72%
1959 2 France Raymond Kopa
72%
1960 6 France Raymond Kopa
72%
1962 11 France Raymond Kopa
72%
2015 10 Chili Alexis Sánchez
71%
2011 23 Espagne Gerard Piqué
71%
2012 21 Espagne Gerard Piqué
71%
1997 25 France Lilian Thuram
71%
1998 7 France Lilian Thuram
71%
2017 16 Bresil Marcelo
71%
2018 22 Brésil Marcelo
71%
2012 5 Colombie Radamel Falcao
71%
2013 11 Colombie Radamel Falcao
71%
2017 24 Colombie Radamel Falcao
71%
2006 9 Italie Andrea Pirlo
69%
2007 5 Italie Andrea Pirlo
69%
2012 7 Italie Andrea Pirlo
69%
2013 10 Italie Andrea Pirlo
69%
2008 3 Espagne Fernando Torres
69%
2009 11 Espagne Fernando Torres
69%
2004 17 Angleterre Frank Lampard
69%
2005 2 Angleterre Frank Lampard
69%
2006 17 Angleterre Frank Lampard
69%
2008 15 Angleterre Frank Lampard
69%
2009 21 Angleterre Frank Lampard
69%
1977 20 Espagne José Martínez Sánchez
69%
1995 32 Portugal Luís Figo
69%
1996 28 Portugal Luís Figo
69%
1997 14 Portugal Luís Figo
69%
1999 5 Portugal Luís Figo
69%
2000 1 Portugal Luís Figo
69%
2001 6 Portugal Luís Figo
69%
2002 19 Portugal Luís Figo
69%
2004 22 Portugal Luís Figo
69%
2002 15 France Patrick Vieira
69%
2006 14 Italie Patrick Vieira
69%
2023 8 Nigeria Victor Osimhen
69%
2015 17 Chili Arturo Vidal
68%
2016 14 Chili Arturo Vidal
68%
2006 25 Espagne David Villa
68%
2008 7 Espagne David Villa
68%
2009 26 Espagne David Villa
68%
2010 8 Espagne David Villa
68%
2011 14 Espagne David Villa
68%
1995 1 Liberia George Weah
68%
1996 12 Liberia George Weah
68%
1964 15 Portugal José Torres
68%
1966 10 Portugal José Torres
68%
1991 21 France Laurent Blanc
68%
1997 33 France Laurent Blanc
68%
1998 14 France Laurent Blanc
68%
2000 27 France Laurent Blanc
68%
1986 8 Pays-Bas Marco van Basten
68%
1987 6 Pays-Bas Marco van Basten
68%
1988 1 Pays-Bas Marco van Basten
68%
1989 1 Pays-Bas Marco van Basten
68%
1991 19 Pays-Bas Marco van Basten
68%
1992 1 Pays-Bas Marco van Basten
68%
1999 15 Tchéquie Pavel Nedvěd
68%
2000 22 Tchéquie Pavel Nedved
68%
2003 1 Tchéquie Pavel Nedvěd
68%
2004 7 Tchéquie Pavel Nedvěd
68%
2005 23 Tchéquie Pavel Nedvěd
68%
2016 9 Portugal Pepe
68%
2021 12 Belgique Romelu Lukaku
68%
2001 25 Angleterre Steven Gerrard
68%
2005 3 Angleterre Steven Gerrard
68%
2007 13 Angleterre Steven Gerrard
68%
2008 10 Angleterre Steven Gerrard
68%
2009 10 Angleterre Steven Gerrard
68%
2006 17 Espagne Carles Puyol
67%
2010 11 Espagne Carles Puyol
67%
2016 20 Argentine Gonzalo Higuaín
67%
2008 14 Argentine Sergio Agüero
67%
2011 16 Argentine Sergio Agüero
67%
2012 17 Argentine Sergio Agüero
67%
2015 13 Argentine Sergio Agüero
67%
2016 20 Argentine Sergio Agüero
67%
2018 16 Argentine Sergio Agüero
67%
2019 16 Argentine Sergio Agüero
67%
2004 8 Angleterre Wayne Rooney
67%
2007 26 Angleterre Wayne Rooney
67%
2008 13 Angleterre Wayne Rooney
67%
2009 8 Angleterre Wayne Rooney
67%
2011 5 Angleterre Wayne Rooney
67%
2012 15 Angleterre Wayne Rooney
67%
1963 17 Italie Cesare Maldini
66%
1965 17 Allemagne de l'Ouest Franz Beckenbauer
66%
1966 3 Allemagne de l'Ouest Franz Beckenbauer
66%
1967 4 Allemagne de l'Ouest Franz Beckenbauer
66%
1968 4 Allemagne de l'Ouest Franz Beckenbauer
66%
1969 7 Allemagne de l'Ouest Franz Beckenbauer
66%
1970 4 Allemagne de l'Ouest Franz Beckenbauer
66%
1971 5 Allemagne de l'Ouest Franz Beckenbauer
66%
1972 1 Allemagne de l'Ouest Franz Beckenbauer
66%
1973 4 Allemagne de l'Ouest Franz Beckenbauer
66%
1974 2 Allemagne de l'Ouest Franz Beckenbauer
66%
1975 2 Allemagne de l'Ouest Franz Beckenbauer
66%
1976 1 Allemagne de l'Ouest Franz Beckenbauer
66%
1967 27 Pays-Bas Johan Cruyff
66%
1968 20 Pays-Bas Johan Cruyff
66%
1969 4 Pays-Bas Johan Cruyff
66%
1970 7 Pays-Bas Johan Cruyff
66%
1971 1 Pays-Bas Johan Cruyff
66%
1972 4 Pays-Bas Johan Cruyff
66%
1973 1 Pays-Bas Johan Cruyff
66%
1974 1 Pays-Bas Johan Cruyff
66%
1975 3 Pays-Bas Johan Cruyff
66%
1976 7 Pays-Bas Johan Cruyff
66%
1977 5 Pays-Bas Johan Cruyff
66%
1978 15 Pays-Bas Johan Cruyff
66%
2021 3 Italie Jorginho
66%
1998 4 Angleterre Michael Owen
66%
2001 1 Angleterre Michael Owen
66%
2002 13 Angleterre Michael Owen
66%
1989 23 Italie Paolo Maldini
66%
1992 14 Italie Paolo Maldini
66%
1993 7 Italie Paolo Maldini
66%
1994 3 Italie Paolo Maldini
66%
1995 7 Italie Paolo Maldini
66%
1996 22 Italie Paolo Maldini
66%
2000 10 Italie Paolo Maldini
66%
2003 3 Italie Paolo Maldini
66%
2004 28 Italie Paolo Maldini
66%
2005 6 Italie Paolo Maldini
66%
2007 18 Italie Paolo Maldini
66%
1997 5 Brésil Roberto Carlos
66%
1998 13 Brésil Roberto Carlos
66%
1999 26 Brésil Roberto Carlos
66%
2000 14 Brésil Roberto Carlos
66%
2001 18 Brésil Roberto Carlos
66%
2002 2 Brésil Roberto Carlos
66%
2003 8 Brésil Roberto Carlos
66%
1974 19 Yougoslavie Branko Oblak
65%
1975 11 Yougoslavie Branko Oblak
65%
1997 20 Angleterre David Beckham
65%
1998 28 Angleterre David Beckham
65%
1999 2 Angleterre David Beckham
65%
2000 10 Angleterre David Beckham
65%
2001 4 Angleterre David Beckham
65%
2003 10 Angleterre David Beckham
65%
2009 19 Uruguay Diego Forlán
65%
2010 5 Uruguay Diego Forlán
65%
2011 7 Uruguay Diego Forlán
65%
2017 26 Slovénie Jan Oblak
65%
2018 25 Slovénie Jan Oblak
65%
2010 4 Pays-Bas Wesley Sneijder
65%
2011 12 Pays-Bas Wesley Sneijder
65%
1994 9 France Marcel Desailly
64%
1995 11 France Marcel Desailly
64%
1996 8 France Marcel Desailly
64%
1998 10 France Marcel Desailly
64%
2000 24 France Marcel Desailly
64%
2021 25 Angleterre Phil Foden
64%
2022 22 Angleterre Phil Foden
64%
2024 11 Angleterre Phil Foden
64%
1956 4 Hongrie Ferenc Puskas
63%
1959 7 Hongrie Ferenc Puskas
63%
1960 2 Hongrie Ferenc Puskas
63%
1961 5 Hongrie Ferenc Puskás
63%
1965 13 Espagne Ferenc Puskás
63%
2024 16 Suisse Granit Xhaka
63%
1983 30 Pays-Bas Ruud Gullit
63%
1986 17 Pays-Bas Ruud Gullit
63%
1987 1 Pays-Bas Ruud Gullit
63%
1988 2 Pays-Bas Ruud Gullit
63%
1989 7 Pays-Bas Ruud Gullit
63%
1991 21 Pays-Bas Ruud Gullit
63%
1993 12 Pays-Bas Ruud Gullit
63%
2009 13 Bosnie-Herzégovine Edin Džeko
62%
2017 28 Bosnie-Herzégovine Edin Džeko
62%
1961 35 Portugal Eusébio
62%
1962 2 Portugal Eusébio
62%
1963 5 Portugal Eusébio
62%
1964 4 Portugal Eusébio
62%
1965 1 Portugal Eusébio
62%
1966 2 Portugal Eusébio
62%
1967 5 Portugal Eusébio
62%
1968 8 Portugal Eusébio
62%
1970 22 Portugal Eusébio
62%
1972 15 Portugal Eusébio
62%
1973 7 Portugal Eusébio
62%
2024 17 Uruguay Federico Valverde
62%
1960 7 Angleterre Bobby Charlton
61%
1961 10 Angleterre Bobby Charlton
61%
1963 8 Angleterre Bobby Charlton
61%
1965 5 Angleterre Bobby Charlton
61%
1966 1 Angleterre Bobby Charlton
61%
1967 2 Angleterre Bobby Charlton
61%
1968 2 Angleterre Bobby Charlton
61%
1969 15 Angleterre Bobby Charlton
61%
1971 22 Angleterre Bobby Charlton
61%
1967 7 Irlande du Nord George Best
61%
1968 1 Irlande du Nord George Best
61%
1969 6 Irlande du Nord George Best
61%
1971 3 Irlande du Nord George Best
61%
2021 13 Italie Giorgio Chiellini
61%
2015 23 Croatie Ivan Rakitić
61%
2018 19 Croatie Ivan Rakitić
61%
1968 22 Angleterre Jack Charlton
61%
1969 10 Angleterre Jack Charlton
61%
2017 21 Italie Leonardo Bonucci
61%
2021 14 Italie Leonardo Bonucci
61%
2010 13 Allemagne Mesut Özil
61%
2011 11 Allemagne Mesut Özil
61%
2012 14 Allemagne Mesut Özil
61%
2013 16 Allemagne Mesut Özil
61%
1993 9 Pays de Galles Ryan Giggs
61%
1997 28 Pays de Galles Ryan Giggs
61%
1999 21 Pays de Galles Ryan Giggs
61%
2007 30 Pays de Galles Ryan Giggs
61%
2009 14 Pays de Galles Ryan Giggs
61%
1956 2 Espagne Alfredo Di Stéfano
60%
1957 1 Espagne Alfredo Di Stéfano
60%
1959 1 Espagne Alfredo Di Stéfano
60%
1960 4 Espagne Alfredo Di Stéfano
60%
1961 6 Espagne Alfredo Di Stéfano
60%
1996 18 France Didier Deschamps
59%
1997 17 France Didier Deschamps
59%
1998 18 France Didier Deschamps
59%
1998 11 Pays-Bas Frank de Boer
59%
2019 11 Pays-Bas Frenkie de Jong
59%
2021 24 Espagne Pedri
59%
1996 28 Pays-Bas Ronald de Boer
59%
1998 21 Pays-Bas Ronald de Boer
59%
1995 4 Italie Alessandro Del Piero
58%
1996 4 Italie Alessandro Del Piero
58%
1997 20 Italie Alessandro Del Piero
58%
1998 16 Italie Alessandro Del Piero
58%
2002 10 Italie Alessandro Del Piero
58%
2003 13 Italie Alessandro Del Piero
58%
2022 17 Brésil Casemiro
58%
2003 13 Portugal Deco
58%
2004 2 Portugal Deco
58%
2006 11 Portugal Deco
58%
1993 3 France Éric Cantona
58%
1994 13 France Éric Cantona
58%
1996 7 France Éric Cantona
58%
2024 12 Allemagne Florian Wirtz
58%
1956 5 Union Soviétique Lev Yachine
58%
1957 11 Union Soviétique Lev Yachine
58%
1958 14 Union Soviétique Lev Yachine
58%
1959 11 Union Soviétique Lev Yachine
58%
1960 5 Union Soviétique Lev Yachine
58%
1961 4 Union Soviétique Lev Yachine
58%
1963 1 Union Soviétique Lev Yachine
58%
1964 8 URSS Lev Yachine
58%
1965 15 Union Soviétique Lev Yachine
58%
1966 7 Union Soviétique Lev Yachine
58%
2014 15 Allemagne Mario Götze
58%
2017 27 Allemagne Mats Hummels
58%
2024 29 Allemagne Mats Hummels
58%
2024 14 Nigeria Ademola Lookman
57%
2000 14 Italie Francesco Totti
57%
2001 5 Italie Francesco Totti
57%
2003 18 Italie Francesco Totti
57%
2007 10 Italie Francesco Totti
57%
2022 25 Allemagne Joshua Kimmich
57%
2023 24 Angleterre Bukayo Saka
56%
2024 21 Angleterre Bukayo Saka
56%
2023 26 Allemagne Jamal Musiala
56%
2023 7 Argentine Julián Álvarez
56%
1985 12 France Luis Fernandez
56%
1986 17 France Luis Fernandez
56%
1996 20 Espagne Raúl
56%
1997 7 Espagne Raúl
56%
1998 21 Espagne Raúl
56%
1999 9 Espagne Raúl
56%
2000 9 Espagne Raúl
56%
2001 2 Espagne Raúl
56%
2002 7 Espagne Raúl
56%
2003 7 Espagne Raúl
56%
2007 15 Brésil Dani Alves
55%
2010 22 Brésil Dani Alves
55%
2011 19 Brésil Dani Alves
55%
2016 20 Uruguay Diego Godín
55%
2018 28 Uruguay Diego Godín
55%
1993 21 Italie Dino Baggio
55%
1998 12 France Emmanuel Petit
55%
2021 10 Italie Gianluigi Donnarumma
55%
1975 27 Portugal João Alves
55%
1978 21 Portugal João Alves
55%
1979 21 Portugal João Alves
55%
1996 26 Portugal Manuel Rui Costa
55%
1990 8 Italie Roberto Baggio
55%
1993 1 Italie Roberto Baggio
55%
1994 2 Italie Roberto Baggio
55%
1995 23 Italie Roberto Baggio
55%
2001 25 Italie Roberto Baggio
55%
2021 26 Portugal Rúben Dias
55%
2023 30 Portugal Rúben Dias
55%
2024 23 Portugal Rúben Dias
55%
2000 24 Portugal Rui Costa
55%
2001 25 Portugal Rui Costa
55%
2010 16 Allemagne Bastian Schweinsteiger
54%
2011 15 Allemagne Bastian Schweinsteiger
54%
2013 17 Allemagne Bastian Schweinsteiger
54%
2014 18 Allemagne Bastian Schweinsteiger
54%
2014 11 Espagne Diego Costa
54%
2006 7 Allemagne Miroslav Klose
54%
2010 21 Allemagne Miroslav Klose
54%
2002 21 Angleterre Rio Ferdinand
54%
1998 28 France Bixente Lizarazu
53%
2001 11 France Bixente Lizarazu
53%
2021 21 Portugal Bruno Fernandes
53%
2002 15 Brésil Cafu
53%
2000 22 France David Trezeguet
53%
2001 12 France David Trezeguet
53%
1958 3 France Just Fontaine
53%
1959 17 France Just Fontaine
53%
2002 13 Pays-Bas Ruud van Nistelrooy
53%
2003 6 Pays-Bas Ruud van Nistelrooy
53%
2004 9 Pays-Bas Ruud van Nistelrooy
53%
2007 6 Pays-Bas Ruud van Nistelrooy
53%
2008 24 Pays-Bas Ruud van Nistelrooy
53%
2024 24 France William Saliba
53%
2014 19 Argentine Javier Mascherano
52%
2015 14 Argentine Javier Mascherano
52%
2018 19 Brésil Roberto Firmino
52%
2019 17 Brésil Roberto Firmino
52%
2016 17 France 🇷🇪 Dimitri Payet
51%
1991 13 Bulgarie Hristo Stoichkov
51%
2016 20 Argentine Paulo Dybala
51%
2017 15 Argentine Paulo Dybala
51%
1995 17 Croatie Davor Šuker
49%
1996 6 Croatie Davor Šuker
49%
1998 2 Croatie Davor Šuker
49%
2022 17 Colombie Luis Díaz
49%
2019 15 Pays-Bas Matthijs de Ligt
49%
2010 10 Espagne Xabi Alonso
49%
2011 16 Espagne Xabi Alonso
49%
2012 11 Espagne Xabi Alonso
49%
1996 9 France Youri Djorkaeff
49%
1997 11 France Youri Djorkaeff
49%
2018 25 Croatie Mario Mandžukić
48%
2024 27 Portugal Vitinha
48%
2007 8 Espagne Cesc Fàbregas
47%
2008 19 Espagne Cesc Fàbregas
47%
2009 12 Espagne Cesc Fàbregas
47%
2010 19 Espagne Cesc Fàbregas
47%
2011 21 Espagne Cesc Fàbregas
47%
2008 21 Serbie Nemanja Vidic
47%
2009 16 Serbie Nemanja Vidić
47%
2000 5 Italie Alessandro Nesta
46%
2001 14 Italie Alessandro Nesta
46%
2003 13 Italie Alessandro Nesta
46%
2007 30 Argentine Carlos Tévez
46%
1998 14 France Fabien Barthez
46%
2000 12 France Fabien Barthez
46%
2023 17 Géorgie Khvicha Kvaratskhelia
46%
2019 28 Brésil Marquinhos
46%
1978 5 Italie Paolo Rossi
46%
1979 6 Italie Paolo Rossi
46%
1982 1 Italie Paolo Rossi
46%
1983 23 Italie Paolo Rossi
46%
1982 2 France Alain Giresse
45%
1983 11 France Alain Giresse
45%
1984 9 France Alain Giresse
45%
1985 21 France Alain Giresse
45%
2018 25 Brésil Alisson
45%
2019 7 Brésil Alisson
45%
1992 6 Danemark Brian Laudrup
45%
1996 28 Danemark Brian Laudrup
45%
1998 23 Danemark Brian Laudrup
45%
2006 14 Italie Gennaro Gattuso
45%
2007 19 Italie Gennaro Gattuso
45%
1978 21 Allemagne de l'Ouest Karl-Heinz Rummenigge
45%
1979 2 Allemagne Karl-Heinz Rummenigge
45%
1980 1 Allemagne Karl-Heinz Rummenigge
45%
1981 1 Allemagne de l'Ouest Karl-Heinz Rummenigge
45%
1982 4 Allemagne Karl-Heinz Rummenigge
45%
1983 8 Allemagne Karl-Heinz Rummenigge
45%
1984 8 Allemagne Karl-Heinz Rummenigge
45%
1985 5 Allemagne de l'Ouest Karl-Heinz Rummenigge
45%
2005 22 Ghana Michael Essien
45%
2007 24 Ghana Michael Essien
45%
1983 19 Danemark Michael Laudrup
45%
1985 4 Danemark Michael Laudrup
45%
1986 26 Danemark Michael Laudrup
45%
1990 18 Danemark Michael Laudrup
45%
1991 11 Danemark Michael Laudrup
45%
1992 7 Danemark Michael Laudrup
45%
1993 5 Danemark Michael Laudrup
45%
1994 13 Danemark Michael Laudrup
45%
1995 10 Danemark Michael Laudrup
45%
1998 20 Danemark Michael Laudrup
45%
2011 22 Portugal Nani
45%
2022 14 Portugal Rafael Leão
45%
2022 25 Allemagne Antonio Rüdiger
44%
2024 22 Allemagne Antonio Rüdiger
44%
2022 14 Brésil Fabinho
44%
1986 24 Allemagne de l'Ouest Lothar Matthäus
44%
1987 12 Allemagne de l'Ouest Lothar Matthäus
44%
1988 6 Allemagne de l'Ouest Lothar Matthäus
44%
1989 4 Allemagne de l'Ouest Lothar Matthäus
44%
1990 1 Allemagne Lothar Matthäus
44%
1991 2 Allemagne Lothar Matthäus
44%
1994 16 Allemagne Lothar Matthäus
44%
1999 10 Allemagne Lothar Matthäus
44%
1999 6 République d'Irlande Roy Keane
44%
2000 27 République d'Irlande Roy Keane
44%
2019 20 Serbie Dušan Tadić
43%
2008 24 Pays-Bas Edwin van der Sar
43%
2022 25 France Mike Maignan
43%
2019 19 Angleterre Trent Alexander-Arnold
43%
2022 22 Angleterre Trent Alexander-Arnold
43%
1997 17 Pays-Bas Clarence Seedorf
42%
1998 23 Pays-Bas Clarence Seedorf
42%
2007 19 Pays-Bas Clarence Seedorf
42%
2024 13 Espagne Dani Olmo
42%
2008 12 Togo Emmanuel Adebayor
42%
2024 20 Turquie Hakan Çalhanoğlu
42%
2001 14 Suède Henrik Larsson
42%
2003 12 Suède Henrik Larsson
42%
2021 26 Italie Nicolò Barella
42%
2023 27 Italie Nicolò Barella
42%
2019 12 Angleterre Raheem Sterling
42%
2021 15 Angleterre Raheem Sterling
42%
1969 23 Belgique Wilfried Van Moer
42%
1971 18 Belgique Wilfried Van Moer
42%
1980 4 Belgique Wilfried Van Moer
42%
1981 21 Belgique Wilfried Van Moer
42%
1999 26 Angleterre Andy Cole
41%
2024 25 Angleterre Cole Palmer
41%
1992 5 Danemark Peter Schmeichel
41%
1993 12 Danemark Peter Schmeichel
41%
1997 8 Danemark Peter Schmeichel
41%
1999 17 Danemark Peter Schmeichel
41%
1966 7 Angleterre Alan Ball
40%
1967 16 Angleterre Alan Ball
40%
1968 24 Angleterre Alan Ball
40%
1970 18 Angleterre Alan Ball
40%
2005 13 France Claude Makélélé
40%
2022 25 Uruguay Darwin Núñez
40%
2002 24 Italie Filippo Inzaghi
40%
2003 22 Italie Filippo Inzaghi
40%
2007 16 Italie Filippo Inzaghi
40%
2016 8 Angleterre Jamie Vardy
40%
2012 23 Italie Mario Balotelli
40%
2002 5 Allemagne Michael Ballack
40%
2003 20 Allemagne Michael Ballack
40%
2005 14 Allemagne Michael Ballack
40%
2008 19 Allemagne Michael Ballack
40%
2021 18 Danemark Simon Kjær
40%
2011 18 France Éric Abidal
39%
1985 29 Roumanie Gheorghe Hagi
39%
1987 21 Roumanie Gheorghe Hagi
39%
1988 20 Roumanie Gheorghe Hagi
39%
1989 8 Roumanie Gheorghe Hagi
39%
1991 21 Roumanie Gheorghe Hagi
39%
1994 4 Roumanie Gheorghe Hagi
39%
2023 25 Croatie Joško Gvardiol
39%
2019 24 Sénégal Kalidou Koulibaly
39%
2022 25 France Christopher Nkunku
38%
2024 26 Angleterre Declan Rice
38%
2003 13 Brésil Dida
38%
2017 12 Espagne Isco
38%
2018 29 Espagne Isco
38%
2022 25 Portugal João Cancelo
38%
2005 10 Angleterre John Terry
38%
2006 20 Angleterre John Terry
38%
2009 26 Angleterre John Terry
38%
1995 9 Allemagne Matthias Sammer
38%
1996 1 Allemagne Matthias Sammer
38%
1997 9 Danemark Matthias Sammer
38%
2023 23 Cameroun André Onana
37%
1988 3 Pays-Bas Frank Rijkaard
37%
1989 3 Pays-Bas Frank Rijkaard
37%
1990 9 Pays-Bas Frank Rijkaard
37%
1992 10 Pays-Bas Frank Rijkaard
37%
1995 12 Pays-Bas Frank Rijkaard
37%
1995 20 Argentine Gabriel Batistuta
37%
1996 13 Argentine Gabriel Batistuta
37%
1997 23 Argentine Gabriel Batistuta
37%
1998 6 Argentine Gabriel Batistuta
37%
1999 4 Argentine Gabriel Batistuta
37%
2000 7 Argentine Gabriel Batistuta
37%
1972 18 France Marius Trésor
37%
1977 18 France Marius Trésor
37%
1978 19 France Marius Trésor
37%
1979 20 France Marius Trésor
37%
1982 15 France Marius Trésor
37%
2017 29 Bresil Philippe Coutinho
37%
2023 13 Maroc Yassine Bounou
37%
1992 3 Pays-Bas Dennis Bergkamp
36%
1993 2 Pays-Bas Dennis Bergkamp
36%
1997 4 Pays-Bas Dennis Bergkamp
36%
1998 8 Pays-Bas Dennis Bergkamp
36%
2019 24 Allemagne Marc-André ter Stegen
36%
2024 15 Espagne Nico Williams
36%
2023 28 France Randal Kolo Muani
36%
1995 32 Angleterre Alan Shearer
35%
1996 3 Angleterre Alan Shearer
35%
1997 20 Angleterre Alan Shearer
35%
1984 2 France Jean Tigana
35%
1986 21 France Jean Tigana
35%
1993 15 France Basile Boli
34%
1990 12 Angleterre Des Walker
34%
1999 23 Argentine Hernán Crespo
34%
2001 16 Argentine Hernán Crespo
34%
2023 14 Allemagne İlkay Gündoğan
34%
1993 18 Finlande Jari Litmanen
34%
1994 8 Finlande Jari Litmanen
34%
1995 3 Finlande Jari Litmanen
34%
2023 22 Corée du Sud Kim Min-jae
34%
1956 1 Angleterre Stanley Matthews
34%
1957 17 Angleterre Stanley Matthews
34%
1959 20 Hongrie Florian Albert
33%
1962 19 Hongrie Flórián Albert
33%
1963 12 Hongrie Flórián Albert
33%
1964 16 Hongrie Flórián Albert
33%
1965 6 Hongrie Flórián Albert
33%
1966 5 Hongrie Flórián Albert
33%
1967 1 Hongrie Flórián Albert
33%
1968 17 Hongrie Flórián Albert
33%
1964 14 Allemagne de l'Ouest Helmut Haller
33%
1966 18 Allemagne de l'Ouest Helmut Haller
33%
1967 16 Allemagne de l'Ouest Helmut Haller
33%
2005 14 Tchéquie Petr Cech
33%
2007 19 Tchéquie Petr Čech
33%
1994 21 Belgique Philippe Albert
33%
2022 13 Côte d'Ivoire Sébastien Haller
33%
2022 17 Serbie Dušan Vlahović
32%
1988 8 Italie Franco Baresi
32%
1989 2 Italie Franco Baresi
32%
1990 5 Italie Franco Baresi
32%
1992 20 Italie Franco Baresi
32%
1993 6 Italie Franco Baresi
32%
1994 11 Italie Franco Baresi
32%
1995 21 Italie Franco Baresi
32%
2009 21 Brésil Júlio César
32%
2010 19 Brésil Júlio César
32%
2005 12 Brésil Juninho
32%
2006 20 Brésil Juninho
32%
2017 29 Belgique Dries Mertens
31%
2004 17 Espagne Fernando Morientes
31%
2016 20 Espagne Koke
31%
2016 12 Portugal Rui Patrício
31%
2019 26 Pays-Bas Georginio Wijnaldum
29%
2002 19 Brésil Lúcio
29%
1995 5 Pays-Bas Patrick Kluivert
29%
2000 17 Pays-Bas Patrick Kluivert
29%
2007 9 Brésil Robinho
29%
2004 6 Brésil Adriano
28%
2005 7 Brésil Adriano
28%
2024 29 Ukraine Artem Dovbyk
28%
1999 26 Argentine Claudio López
28%
2000 27 Argentine Claudio López
28%
1998 8 Pays-Bas Edgar Davids
28%
1999 26 Pays-Bas Edgar Davids
28%
2000 18 Pays-Bas Edgar Davids
28%
1995 18 Espagne Fernando Hierro
28%
1997 17 Espagne Fernando Hierro
28%
1998 26 Espagne Fernando Hierro
28%
2019 28 Portugal João Félix
28%
1973 14 Espagne Juan Manuel Asensi
28%
1979 27 Espagne Juan Manuel Asensi
28%
1976 4 Angleterre Kevin Keegan
28%
1977 2 Angleterre Kevin Keegan
28%
1978 1 Angleterre Kevin Keegan
28%
1979 1 Angleterre Kevin Keegan
28%
1983 33 Allemagne Rudi Völler
28%
1985 11 Allemagne de l'Ouest Rudi Völler
28%
1986 26 Allemagne de l'Ouest Rudi Völler
28%
1987 30 Allemagne de l'Ouest Rudi Völler
28%
1990 18 Allemagne Rudi Völler
28%
1991 12 Allemagne Rudi Völler
28%
1964 19 Angleterre Bobby Moore
27%
1966 4 Angleterre Bobby Moore
27%
1968 22 Angleterre Bobby Moore
27%
1970 2 Angleterre Bobby Moore
27%
1971 10 Angleterre Bobby Moore
27%
1972 7 Angleterre Bobby Moore
27%
1973 19 Angleterre Bobby Moore
27%
2017 20 Espagne David de Gea
27%
2007 30 Bulgarie Dimitar Berbatov
27%
2006 20 Italie Gianluca Zambrotta
27%
1960 16 Espagne Luis del Sol
27%
1962 15 Espagne Luis del Sol
27%
2009 24 Brésil Maicon
27%
2010 17 Brésil Maicon
27%
1988 5 Pays-Bas Ronald Koeman
26%
1989 23 Pays-Bas Ronald Koeman
26%
1992 8 Pays-Bas Ronald Koeman
26%
1993 18 Pays-Bas Ronald Koeman
26%
2009 20 France Yoann Gourcuff
26%
2024 28 Espagne Álex Grimaldo
25%
1999 26 France David Ginola
25%
1973 2 Italie Dino Zoff
25%
1975 14 Italie Dino Zoff
25%
1976 26 Italie Dino Zoff
25%
1980 11 Italie Dino Zoff
25%
1981 6 Italie Dino Zoff
25%
1982 8 Italie Dino Zoff
25%
2019 28 Pays-Bas Donny van de Beek
25%
2006 17 Allemagne Lukas Podolski
25%
1997 9 Italie Christian Vieri
24%
1998 26 Italie Christian Vieri
24%
1999 7 Italie Christian Vieri
24%
1961 23 Ecosse Denis Law
24%
1962 11 Ecosse Denis Law
24%
1963 4 Ecosse Denis Law
24%
1964 1 Ecosse Denis Law
24%
1965 11 Ecosse Denis Law
24%
1966 18 Ecosse Denis Law
24%
1973 23 Ecosse Denis Law
24%
1985 16 Espagne Emilio Butragueño
24%
1986 3 Espagne Emilio Butragueño
24%
1987 3 Espagne Emilio Butragueño
24%
1986 2 Angleterre Gary Lineker
24%
1987 5 Angleterre Gary Lineker
24%
1989 23 Angleterre Gary Lineker
24%
1990 18 Angleterre Gary Lineker
24%
1991 6 Angleterre Gary Lineker
24%
2006 20 Italie Luca Toni
24%
2010 18 Ghana Asamoah Gyan
23%
2021 29 Espagne César Azpilicueta
23%
2004 9 Portugal Ricardo Carvalho
23%
1962 6 Italie Gianni Rivera
22%
1963 2 Italie Gianni Rivera
22%
1964 9 Italie Gianni Rivera
22%
1965 7 Italie Gianni Rivera
22%
1967 16 Italie Gianni Rivera
22%
1968 9 Italie Gianni Rivera
22%
1969 1 Italie Gianni Rivera
22%
1970 10 Italie Gianni Rivera
22%
1972 18 Italie Gianni Rivera
22%
1973 8 Italie Gianni Rivera
22%
2000 18 Turquie Hakan Şükür
22%
1994 24 Espagne Pep Guardiola
22%
1983 11 Portugal Fernando Gomes
21%
1985 16 Portugal Fernando Gomes
21%
1969 13 Angleterre Francis Lee
20%
1970 14 Angleterre Francis Lee
20%
1971 18 Angleterre Francis Lee
20%
1986 1 Union Soviétique Igor Belanov
20%
1999 8 Argentine Juan Sebastián Verón
20%
2000 27 Argentine Juan Sebastián Verón
20%
2001 16 Argentine Juan Sebastián Verón
20%
1978 8 Ecosse Kenny Dalglish
20%
1979 11 Ecosse Kenny Dalglish
20%
1980 14 Ecosse Kenny Dalglish
20%
1981 21 Ecosse Kenny Dalglish
20%
1983 2 Ecosse Kenny Dalglish
20%
1986 21 Ecosse Kenny Dalglish
20%
1974 19 Union Soviétique Oleg Blokhine
20%
1975 1 Union Soviétique Oleg Blokhine
20%
1976 19 Union Soviétique Oleg Blokhine
20%
1981 5 Union Soviétique Oleg Blokhine
20%
1996 16 Yougoslavie Predrag Mijatović
20%
1997 2 Yougoslavie Predrag Mijatović
20%
1998 16 RF Yougoslavie Predrag Mijatović
20%
2004 24 France Ludovic Giuly
19%
1975 27 Danemark Allan Simonsen
18%
1977 1 Danemark Allan Simonsen
18%
1978 8 Danemark Allan Simonsen
18%
1979 11 Danemark Allan Simonsen
18%
1983 3 Danemark Allan Simonsen
18%
2002 21 Sénégal El-Hadji Diouf
18%
2005 14 Argentine Juan Román Riquelme
18%
2007 14 Argentine Juan Román Riquelme
18%
1988 8 Allemagne de l'Ouest Jürgen Klinsmann
18%
1990 6 Allemagne Jürgen Klinsmann
18%
1994 6 Allemagne Jürgen Klinsmann
18%
1995 2 Allemagne Jürgen Klinsmann
18%
1996 5 Allemagne Jürgen Klinsmann
18%
1996 11 Nigéria Nwankwo Kanu
18%
1999 23 Nigeria Nwankwo Kanu
18%
1961 10 Tchécoslovaquie Josef Masopust
17%
1962 1 Tchécoslovaquie Josef Masopust
17%
1963 12 Tchécoslovaquie Josef Masopust
17%
1994 24 Suède Kennet Andersson
17%
1999 11 Trinité-et-Tobago Dwight Yorke
16%
1957 12 Espagne Francisco Gento
16%
1958 12 Espagne Francisco Gento
16%
1959 8 Espagne Francisco Gento
16%
1960 11 Espagne Francisco Gento
16%
1961 9 Espagne Francisco Gento
16%
1962 25 Espagne Francisco Gento
16%
1992 2 Bulgarie Hristo Stoitchkov
16%
1993 12 Bulgarie Hristo Stoitchkov
16%
1994 1 Bulgarie Hristo Stoitchkov
16%
1995 14 Bulgarie Hristo Stoitchkov
16%
1983 15 Pays de Galles Ian Rush
16%
1984 4 Pays de Galles Ian Rush
16%
1985 14 Pays de Galles Ian Rush
16%
1986 6 Pays de Galles Ian Rush
16%
1987 14 Pays de Galles Ian Rush
16%
2003 22 Tchéquie Jan Koller
16%
1961 35 Autriche Karl Koller
16%
2021 19 Angleterre Mason Mount
16%
1980 15 Angleterre Viv Anderson
16%
2008 6 Russie Andreï Archavine
15%
2009 21 Russie Andreï Archavine
15%
2021 26 Espagne Gerard Moreno
15%
1995 6 Italie Gianfranco Zola
15%
1997 15 Italie Gianfranco Zola
15%
1997 13 Espagne Luis Enrique
15%
1998 28 Luis Enrique
15%
2005 23 Espagne Luis Garcia
15%
1986 4 France Manuel Amoros
15%
1987 12 France Manuel Amoros
15%
1995 8 Pays-Bas Marc Overmars
15%
1998 23 Pays-Bas Marc Overmars
15%
2004 12 Tchéquie Milan Baroš
15%
1997 29 Brésil Raí
15%
1995 30 Brésil Bebeto
14%
1976 21 France Dominique Rocheteau
14%
1999 12 Pays-Bas Jaap Stam
14%
1960 9 Italie Omar Sivori
14%
1961 1 Italie Omar Sívori
14%
1962 11 Italie Omar Sívori
14%
1963 12 Italie Omar Sívori
14%
1964 19 Italie Omar Sívori
14%
1978 11 Pays-Bas Arie Haan
13%
1956 9 Angleterre Billy Wright
13%
1957 2 Angleterre Billy Wright
13%
1958 6 Angleterre Billy Wright
13%
1960 14 Angleterre Bobby Smith
13%
1990 18 Angleterre Chris Waddle
13%
1991 10 Angleterre Chris Waddle
13%
1995 32 Angleterre Ian Wright
13%
1979 15 Pays-Bas Johnny Rep
13%
1988 17 Belgique Michel Preud'homme
13%
1989 10 Belgique Michel Preud'homme
13%
1994 11 Belgique Michel Preud'homme
13%
1997 29 Allemagne Oliver Bierhoff
13%
1998 18 Allemagne Oliver Bierhoff
13%
1999 19 Allemagne Oliver Bierhoff
13%
1956 8 Hongrie Sandor Kocsis
13%
1957 20 Hongrie Sandor Kocsis
13%
1978 21 Pologne Zbigniew Boniek
13%
1979 9 Pologne Zbigniew Boniek
13%
1980 22 Pologne Zbigniew Boniek
13%
1981 11 Pologne Zbigniew Boniek
13%
1982 3 Pologne Zbigniew Boniek
13%
1983 30 Pologne Zbigniew Boniek
13%
1985 6 Pologne Zbigniew Boniek
13%
2000 18 Argentine Fernando Redondo
12%
1993 21 France Franck Sauzée
12%
2006 10 Allemagne Jens Lehmann
12%
1994 24 Croatie Zvonimir Boban
12%
1995 23 Croatie Zvonimir Boban
12%
1984 12 Belgique Enzo Scifo
11%
1990 6 Belgique Enzo Scifo
11%
1992 10 Belgique Enzo Scifo
11%
1993 17 Belgique Enzo Scifo
11%
2007 11 Mali Frédéric Kanouté
11%
2001 18 Brésil Giovane Élber
11%
2007 30 Mexique Guillermo Ochoa
11%
1984 7 Allemagne Harald Schumacher
11%
1985 18 Allemagne de l'Ouest Harald Schumacher
11%
1986 17 Allemagne de l'Ouest Harald Schumacher
11%
2004 24 Portugal Maniche
11%
1986 17 Portugal Paulo Futre
11%
1987 2 Portugal Paulo Futre
11%
1989 14 Portugal Paulo Futre
11%
1996 22 Bulgarie Trifon Ivanov
11%
1958 14 Union Soviétique Valentin Ivanov
11%
2004 11 Grèce Angelos Charisteas
9%
1959 23 Pays de Galles Cliff Jones
9%
1978 21 France Didier Six
9%
1993 8 Bulgarie Emil Kostadinov
9%
1966 14 Angleterre Gordon Banks
9%
1970 8 Angleterre Gordon Banks
9%
1972 7 Angleterre Gordon Banks
9%
1983 6 Belgique Jean-Marie Pfaff
9%
1986 11 Belgique Jean-Marie Pfaff
9%
1987 17 Belgique Jean-Marie Pfaff
9%
1981 32 Espagne Jesús María Zamora
9%
2002 21 Sénégal Papa Bouba Diop
9%
1991 21 Allemagne Stefan Effenberg
9%
1999 18 Allemagne Stefan Effenberg
9%
2001 13 Allemagne Stefan Effenberg
9%
1995 27 Chili Iván Zamorano
8%
2005 20 Angleterre Jamie Carragher
8%
1997 11 Allemagne Jürgen Kohler
8%
2008 11 Espagne Marcos Senna
8%
1987 4 Espagne Míchel
8%
1988 13 Espagne Míchel
8%
1989 13 Espagne Míchel
8%
1990 12 Espagne Rafael Martín Vázquez
8%
2002 24 Pays-Bas Roy Makaay
8%
2003 13 Pays-Bas Roy Makaay
8%
1979 27 Tchécoslovaquie Antonín Panenka
7%
1980 22 Tchécoslovaquie Antonín Panenka
7%
1996 20 Angleterre David Seaman
7%
1988 20 Yougoslavie Dejan Savićević
7%
1991 2 Yougoslavie Dejan Savićević
7%
1994 9 RF Yougoslavie Dejan Savićević
7%
1995 16 Yougoslavie Dejan Savićević
7%
2000 14 Italie Francesco Toldo
7%
2003 22 Italie Francesco Toldo
7%
2000 8 Espagne Gaizka Mendieta
7%
2001 18 Gabon Gaizka Mendieta
7%
1964 19 Italie Giacinto Facchetti
7%
1965 2 Italie Giacinto Facchetti
7%
1967 20 Italie Giacinto Facchetti
7%
1968 5 Italie Giacinto Facchetti
7%
1970 18 Italie Giacinto Facchetti
7%
1971 13 Italie Giacinto Facchetti
7%
1973 12 Italie Giacinto Facchetti
7%
1975 27 Italie Giacinto Facchetti
7%
1958 2 Allemagne de l'Ouest Helmut Rahn
7%
1959 9 Allemagne de l'Ouest Helmut Rahn
7%
1970 24 France Jean Djorkaeff
7%
1972 18 Pays-Bas Johan Neeskens
7%
1974 5 Pays-Bas Johan Neeskens
7%
1975 23 Pays-Bas Johan Neeskens
7%
1978 21 Pays-Bas Johan Neeskens
7%
1981 11 France Maxime Bossis
7%
1984 12 France Maxime Bossis
7%
1995 14 Portugal Paulo Sousa
7%
1997 25 Portugal Paulo Sousa
7%
2003 22 Roumanie Adrian Mutu
6%
1961 28 Portugal Alberto da Costa Pereira
6%
1993 4 Croatie Alen Bokšić
6%
1996 13 Croatie Alen Bokšić
6%
1989 14 Allemagne de l'Ouest Andreas Brehme
6%
1990 3 Allemagne Andreas Brehme
6%
1985 29 Allemagne de l'Est Andreas Thom
6%
2009 25 Brésil Diego
6%
2001 18 Danemark Ebbe Sand
6%
1987 6 Angleterre John Barnes
6%
1989 17 Angleterre John Barnes
6%
1990 18 Angleterre John Barnes
6%
1979 15 Yougoslavie Safet Sušić
6%
1983 15 Yougoslavie Safet Sušić
6%
1990 2 Italie Salvatore Schillaci
6%
2001 18 Finlande Sami Hyypiä
6%
1981 28 Pologne Włodzimierz Smolarek
6%
1989 17 Allemagne de l'Ouest Andreas Möller
5%
1993 11 Allemagne Andreas Möller
5%
1994 24 Allemagne Andreas Möller
5%
1995 27 Allemagne Andreas Möller
5%
1997 6 Allemagne Andreas Möller
5%
1980 2 Allemagne Bernd Schuster
5%
1981 3 Allemagne de l'Ouest Bernd Schuster
5%
1982 10 Allemagne Bernd Schuster
5%
1983 11 Allemagne Bernd Schuster
5%
1984 11 Allemagne Bernd Schuster
5%
1985 3 Allemagne de l'Ouest Bernd Schuster
5%
1995 12 Italie Fabrizio Ravanelli
5%
1996 16 Italie Fabrizio Ravanelli
5%
1964 11 Hongrie Ferenc Bene
5%
1965 17 Hongrie Ferenc Bene
5%
1966 6 Hongrie Ferenc Bene
5%
1968 24 Hongrie Ferenc Bene
5%
1969 18 Hongrie Ferenc Bene
5%
1971 10 Hongrie Ferenc Bene
5%
1966 14 Angleterre Geoffrey Hurst
5%
1967 20 Angleterre Geoffrey Hurst
5%
1970 18 Angleterre Geoffrey Hurst
5%
1974 6 Pologne Grzegorz Lato
5%
1975 17 Pologne Grzegorz Lato
5%
1981 28 Pologne Grzegorz Lato
5%
1992 13 Danemark Henrik Larsen
5%
1990 4 Angleterre Paul Gascoigne
5%
1984 3 Danemark Preben Elkjær Larsen
5%
1985 2 Danemark Preben Elkjær Larsen
5%
1986 4 Danemark Preben Elkjær Larsen
5%
1987 21 Danemark Preben Elkjær Larsen
5%
1988 20 Italie Roberto Mancini
5%
1991 19 Italie Roberto Mancini
5%
1990 12 Yougoslavie Robert Prosinečki
5%
1991 5 Yougoslavie Robert Prosinecki
5%
1974 15 Allemagne de l'Ouest Sepp Maier
5%
1975 5 Allemagne de l'Ouest Sepp Maier
5%
1980 27 Italie Alessandro Altobelli
4%
1986 10 Italie Alessandro Altobelli
4%
1987 30 Italie Alessandro Altobelli
4%
1960 12 Yougoslavie Bora Kostic
4%
1956 13 Angleterre Duncan Edwards
4%
1957 3 Angleterre Duncan Edwards
4%
1977 10 Angleterre Emlyn Hughes
4%
1982 12 Italie Gaetano Scirea
4%
1985 29 Bulgarie Georgi Dimitrov
4%
1991 21 Italie Gianluca Pagliuca
4%
1987 8 Italie Gianluca Vialli
4%
1988 7 Italie Gianluca Vialli
4%
1989 23 Italie Gianluca Vialli
4%
1991 7 Italie Gianluca Vialli
4%
1995 19 Italie Gianluca Vialli
4%
1958 12 Suède Gunnar Gren
4%
1977 26 Autriche Hans Krankl
4%
1978 2 Autriche Hans Krankl
4%
1979 15 Autriche Johann Krankl
4%
1996 10 République Tchèque Karel Poborský
4%
1991 9 Pays de Galles Mark Hughes
4%
1977 20 Angleterre Peter Shilton
4%
1978 10 Angleterre Peter Shilton
4%
1980 27 Angleterre Peter Shilton
4%
1985 21 Angleterre Peter Shilton
4%
1987 21 Angleterre Peter Shilton
4%
1989 5 Angleterre Peter Shilton
4%
2004 5 Grèce Theodoros Zagorakis
4%
1959 20 Allemagne Uwe Seeler
4%
1960 3 Allemagne Uwe Seeler
4%
1961 6 Allemagne Uwe Seeler
4%
1963 7 Allemagne de l'Ouest Uwe Seeler
4%
1970 10 Allemagne de l'Ouest Uwe Seeler
4%
1996 13 Allemagne Andreas Köpke
3%
2002 15 Allemagne Bernd Schneider
3%
1981 21 Angleterre Bryan Robson
3%
1983 10 Angleterre Bryan Robson
3%
1984 10 Angleterre Bryan Robson
3%
1985 9 Angleterre Bryan Robson
3%
1987 9 Angleterre Bryan Robson
3%
1995 21 Nigéria Finidi George
3%
1978 21 Belgique François Van Der Elst
3%
1992 16 Danemark Henrik Andersen
3%
1956 9 Bulgarie Ivan Kolev
3%
1958 19 Bulgarie Ivan Kolev
3%
1959 13 Bulgarie Ivan Kolev
3%
1960 16 Bulgarie Ivan Kolev
3%
1983 8 Danemark Jesper Olsen
3%
1984 18 Danemark Jesper Olsen
3%
1961 23 Portugal José Augusto
3%
1967 27 Portugal José Augusto
3%
1984 14 Allemagne Klaus Allofs
3%
1987 10 Allemagne de l'Ouest Klaus Allofs
3%
1957 5 Espagne Ladislao Kubala
3%
1999 16 Brésil Mário Jardel
3%
2000 18 Brésil Mário Jardel
3%
1961 23 Allemagne de l'Ouest Max Morlock
3%
1983 17 Danemark Morten Olsen
3%
1984 18 Danemark Morten Olsen
3%
1986 15 Danemark Morten Olsen
3%
1967 27 Espagne Pedro de Felipe
3%
1982 7 Allemagne Pierre Littbarski
3%
1987 17 Allemagne de l'Ouest Pierre Littbarski
3%
1956 13 France Robert Jonquet
3%
1976 2 Pays-Bas Rob Rensenbrink
3%
1977 7 Pays-Bas Rob Rensenbrink
3%
1978 3 Pays-Bas Rob Rensenbrink
3%
1959 23 France Roger Marche
3%
1977 18 Pays-Bas Ruud Krol
3%
1978 6 Pays-Bas Ruud Krol
3%
1979 3 Pays-Bas Ruud Krol
3%
1980 15 Pays-Bas Ruud Krol
3%
1981 16 Pays-Bas Ruud Krol
3%
1976 21 Espagne Santillana
3%
1956 9 France Thadée Cisowski
3%
1992 16 Suède Tomas Brolin
3%
1993 26 Suède Tomas Brolin
3%
1994 4 Suède Tomas Brolin
3%
1987 14 Autriche Toni Polster
3%
1995 30 Portugal Vítor Baía
3%
1994 13 Bulgarie Yordan Letchkov
3%
1997 29 Italie Angelo Peruzzi
2%
2004 24 Grèce Antonios Nikopolidis
2%
1982 5 Italie Bruno Conti
2%
1983 19 Italie Bruno Conti
2%
1958 19 Italie Bruno Nicolè
2%
1990 18 Angleterre David Platt
2%
1992 16 Angleterre David Platt
2%
1993 21 Angleterre David Platt
2%
1968 3 Yougoslavie Dragan Džajić
2%
1969 12 Yougoslavie Dragan Džajić
2%
1970 6 Yougoslavie Dragan Džajić
2%
1971 15 Yougoslavie Dragan Džajić
2%
1972 18 Yougoslavie Dragan Džajić
2%
1973 23 Yougoslavie Dragan Džajić
2%
1975 27 Yougoslavie Dragan Džajić
2%
1982 12 Belgique Éric Gerets
2%
1983 19 Belgique Éric Gerets
2%
1956 7 Autriche Ernst Ocwirk
2%
1984 5 Portugal Fernando Chalana
2%
1980 22 Danemark Frank Arnesen
2%
1985 29 Angleterre Gary Stevens
2%
1976 21 France Gérard Janvion
2%
1977 26 France Gérard Janvion
2%
1977 26 Italie Giancarlo Antognoni
2%
1980 27 Italie Giancarlo Antognoni
2%
1981 21 Italie Giancarlo Antognoni
2%
1982 11 Italie Giancarlo Antognoni
2%
1987 30 Angleterre Glenn Hoddle
2%
1978 15 Ecosse Graeme Souness
2%
1984 6 Ecosse Graeme Souness
2%
1985 21 Ecosse Graeme Souness
2%
1984 14 Allemagne Hans-Peter Briegel
2%
1985 8 Allemagne de l'Ouest Hans-Peter Briegel
2%
1972 11 Bulgarie Hristo Bonev
2%
1973 12 Bulgarie Hristo Bonev
2%
1974 15 Bulgarie Hristo Bonev
2%
1975 17 Bulgarie Hristo Bonev
2%
1957 9 Union Soviétique Igor Netto
2%
1980 5 Belgique Jan Ceulemans
2%
1981 21 Belgique Jan Ceulemans
2%
1985 29 Belgique Jan Ceulemans
2%
1986 13 Belgique Jan Ceulemans
2%
1960 16 Angleterre Jimmy Greaves
2%
1961 28 Angleterre Jimmy Greaves
2%
1962 7 Angleterre Jimmy Greaves
2%
1963 3 Angleterre Jimmy Greaves
2%
1964 6 Angleterre Jimmy Greaves
2%
1967 25 Angleterre Jimmy Greaves
2%
1968 10 Angleterre Jimmy Greaves
2%
1957 6 Pays de Galles John Charles
2%
1958 4 Pays de Galles John Charles
2%
1959 3 Pays de Galles John Charles
2%
1960 7 Pays de Galles John Charles
2%
1961 8 Pays de Galles John Charles
2%
1962 8 Pays de Galles John Charles
2%
1970 22 Yougoslavie Josip Skoblar
2%
1971 6 Yougoslavie Josip Skoblar
2%
1956 6 Hongrie Jozsef Bozsik
2%
1957 9 Hongrie Jozsef Bozsik
2%
1956 12 Italie Julinho
2%
1975 23 Allemagne de l'Est Jürgen Croy
2%
1976 15 Allemagne de l'Est Jürgen Croy
2%
1986 24 Allemagne de l'Ouest Karl-Heinz Förster
2%
1980 11 Espagne Luis Arconada
2%
1981 21 Espagne Luis Arconada
2%
2009 16 Brésil Luís Fabiano
2%
1979 4 Allemagne Manfred Kaltz
2%
1980 10 Allemagne Manfred Kaltz
2%
1999 26 Chili Marcelo Salas
2%
1993 26 Suède Martin Dahlin
2%
1994 24 Suède Martin Dahlin
2%
1969 13 Angleterre Martin Peters
2%
1957 14 Yougoslavie Milos Milutinovic
2%
1972 18 Allemagne de l'Ouest Paul Breitner
2%
1974 4 Allemagne de l'Ouest Paul Breitner
2%
1975 8 Allemagne de l'Ouest Paul Breitner
2%
1979 13 Allemagne Paul Breitner
2%
1981 2 Allemagne de l'Ouest Paul Breitner
2%
1982 15 Allemagne Paul Breitner
2%
1961 28 France Pierre Bernard
2%
1967 10 Espagne Pirri
2%
1968 10 Espagne Pirri
2%
1971 15 Espagne Pirri
2%
1975 11 Espagne Pirri
2%
1978 12 Pays-Bas René van de Kerkhof
2%
1979 21 Pays-Bas René van de Kerkhof
2%
1982 6 Union Soviétique Rinat Dasaev
2%
1983 6 Union Soviétique Rinat Dasaev
2%
1984 22 Union Soviétique Rinat Dasaev
2%
1985 9 Union Soviétique Rinat Dasaev
2%
1986 16 Union Soviétique Rinat Dasaev
2%
1987 21 Union soviétique Rinat Dasaev
2%
1988 13 Union soviétique Rinat Dasaev
2%
1963 17 France Robert Herbin
2%
1976 15 Italie Roberto Bettega
2%
1977 4 Italie Roberto Bettega
2%
1978 4 Italie Roberto Bettega
2%
1984 14 Portugal Rui Jordão
2%
1964 19 Italie Sandro Mazzola
2%
1965 8 Italie Sandro Mazzola
2%
1966 14 Italie Sandro Mazzola
2%
1967 10 Italie Sandro Mazzola
2%
1968 17 Italie Sandro Mazzola
2%
1970 8 Italie Sandro Mazzola
2%
1971 2 Italie Sandro Mazzola
2%
1972 15 Italie Sandro Mazzola
2%
1973 14 Italie Sandro Mazzola
2%
1983 33 Danemark Søren Lerby
2%
1985 12 Danemark Søren Lerby
2%
1986 13 Danemark Søren Lerby
2%
1956 13 Bulgarie Stefan Boskov
2%
1993 26 Grèce Stélios Manolás
2%
1991 13 Suisse Stéphane Chapuisat
2%
1992 9 Suisse Stéphane Chapuisat
2%
1993 9 Suisse Stéphane Chapuisat
2%
1957 8 Angleterre Tommy Taylor
2%
1979 19 Allemagne Uli Stielike
2%
1981 32 Allemagne de l'Ouest Uli Stielike
2%
1997 32 Nigéria Victor Ikpeba
2%
1958 14 Yougoslavie Vujadin Boskov
2%
1978 13 Pays-Bas Willy van de Kerkhof
2%
2002 9 Turquie Yıldıray Baştürk
2%
1981 19 Yougoslavie Zlatko Vujović
2%
1959 5 Suède Agne Simonsson
1%
1960 19 Suède Agne Simonsson
1%
1963 21 Suède Åke Johansson
1%
1968 14 Union Soviétique Albert Chesternev
1%
1969 11 Union Soviétique Albert Chesternev
1%
1970 10 Union Soviétique Albert Chesternev
1%
1971 22 Union Soviétique Albert Chesternev
1%
1981 8 Union Soviétique Aleksandr Tchivadze
1%
1976 26 Turquie Ali Kemal Denizci
1%
1987 21 Écosse Ally McCoist
1%
1964 3 Espagne Amancio
1%
1965 17 Espagne Amancio Amaro
1%
1968 7 Espagne Amancio Amaro
1%
1972 18 Espagne Amancio Amaro
1%
1967 15 Union Soviétique Anatoli Bychovets
1%
1985 29 Union Soviétique Anatoli Demyanenko
1%
1988 13 Union soviétique Anatoli Demyanenko
1%
1977 13 Suède Anders Linderoth
1%
1977 26 Hongrie András Törőcsik
1%
1981 11 Hongrie András Törőcsik
1%
1992 20 Autriche Andreas Herzog
1%
1993 18 Autriche Andreas Herzog
1%
1962 15 Tchécoslovaquie Andrej Kvašňák
1%
1965 17 Tchécoslovaquie Andrej Kvašňák
1%
1969 18 Tchécoslovaquie Andrej Kvašňák
1%
1962 15 France André Lerond
1%
1968 24 Italie Angelo Domenghini
1%
1970 14 Italie Angelo Domenghini
1%
1969 15 Italie Angelo Sormani
1%
1968 12 Hongrie Antal Dunai
1%
1972 15 Hongrie Antal Dunai
1%
1960 23 Italie Antonio Angelillo
1%
1978 13 Italie Antonio Cabrini
1%
1983 23 Italie Antonio Cabrini
1%
1984 14 Italie Antonio Cabrini
1%
1984 22 Espagne Antonio Maceda
1%
1981 32 Portugal António Oliveira
1%
1959 23 Espagne Antoni Ramallets
1%
1976 6 Tchécoslovaquie Anton Ondruš
1%
1978 19 Ecosse Archie Gemmill
1%
1963 17 Belgique Armand Jurion
1%
1972 7 Pays-Bas Barry Hulshoff
1%
1973 19 Pays-Bas Barry Hulshoff
1%
1958 14 Suède Bengt Gustavsson
1%
1976 21 Suède Benny Wendt
1%
1971 15 Allemagne de l'Ouest Berti Vogts
1%
1974 10 Allemagne de l'Ouest Berti Vogts
1%
1975 4 Allemagne de l'Ouest Berti Vogts
1%
1976 13 Allemagne de l'Ouest Berti Vogts
1%
1977 10 Allemagne de l'Ouest Berti Vogts
1%
1969 23 Ecosse Billy Bremner
1%
1973 5 Ecosse Billy Bremner
1%
1974 9 Ecosse Billy Bremner
1%
1960 23 Yougoslavie Blagoja Vidinic
1%
1956 21 Tchécoslovaquie Bretislav Dolejsi
1%
1991 13 France Bruno Martini
1%
1979 21 Autriche Bruno Pezzey
1%
1980 19 Autriche Bruno Pezzey
1%
1981 11 Autriche Bruno Pezzey
1%
1982 12 Autriche Bruno Pezzey
1%
1956 21 Espagne Campanal
1%
1970 24 Espagne Carles Rexach
1%
1983 23 Portugal Carlos Manuel
1%
1961 35 Suisse Charles Antenen
1%
1994 21 Suisse Ciriaco Sforza
1%
1997 33 Italie Ciro Ferrara
1%
1964 16 Pays-Bas Coen Moulijn
1%
1958 11 Angleterre Colin McDonald
1%
1975 9 Angleterre Colin Todd
1%
1970 24 Roumanie Cornel Dinu
1%
1983 23 Roumanie Costică Ștefănescu
1%
1957 14 Irlande du Nord Danny Blanchflower
1%
1958 19 Irlande du Nord Danny Blanchflower
1%
1961 17 Irlande du Nord Danny Blanchflower
1%
1981 11 Union Soviétique David Kipiani
1%
1980 22 République d'Irlande David O'Leary
1%
1959 13 Hongrie Dezsö Bundzsak
1%
1969 23 Grèce Dimitrios Domazos
1%
1971 13 Grèce Dimitrios Domazos
1%
1987 30 Grèce Dimitris Saravakos
1%
1991 21 Grèce Dimitris Saravakos
1%
1976 26 France Dominique Bathenay
1%
1977 13 France Dominique Bathenay
1%
1975 27 Irlande Don Givens
1%
1988 20 Yougoslavie Dragan Stojković
1%
1989 6 Yougoslavie Dragan Stojković
1%
1990 12 Yougoslavie Dragan Stojković
1%
1960 19 Yougoslavie Dragoslav Sekularac
1%
1961 10 Yougoslavie Dragoslav Šekularac
1%
1962 4 Yougoslavie Dragoslav Šekularac
1%
1975 10 Roumanie Dudu Georgescu
1%
1976 15 Roumanie Dudu Georgescu
1%
1977 9 Roumanie Dudu Georgescu
1%
1961 35 Roumanie Dumitru Macri
1%
1956 13 Union Soviétique Eduard Streltsov
1%
1957 7 Union Soviétique Eduard Streltsov
1%
1967 13 Union Soviétique Eduard Streltsov
1%
2001 18 Pologne Emmanuel Olisadebe
1%
1960 23 Autriche Erich Hof
1%
1962 19 Hongrie Ernő Solymosi
1%
1980 11 Belgique Erwin Vandenbergh
1%
1983 19 Belgique Erwin Vandenbergh
1%
1971 12 Union Soviétique Evgueni Roudakov
1%
1972 18 Union Soviétique Evgueni Roudakov
1%
1962 25 Italie Ezio Pascutti
1%
1983 5 Allemagne Felix Magath
1%
1983 30 Union Soviétique Fiodor Tcherenkov
1%
1988 17 Danemark Flemming Povlsen
1%
1992 12 Danemark Flemming Povlsen
1%
1970 24 Roumanie Florea Dumitrache
1%
1980 15 Italie Francesco Graziani
1%
1976 12 Italie Franco Causio
1%
1977 13 Italie Franco Causio
1%
1978 21 Italie Franco Causio
1%
1979 21 Italie Franco Causio
1%
1981 21 République d'Irlande Frank Stapleton
1%
1983 11 Belgique Franky Vercauteren
1%
1981 28 Pays-Bas Frans Thijssen
1%
1970 24 Autriche Franz Hasil
1%
1991 21 Angleterre Gary Pallister
1%
1969 18 Grèce George Sideris
1%
1968 14 Bulgarie Georgi Asparuhov
1%
1959 17 Bulgarie Georgi Naidenov
1%
1956 13 Autriche Gerhard Hanappi
1%
1957 17 Autriche Gerhard Hanappi
1%
1958 25 Autriche Gerhard Hanappi
1%
1960 23 Autriche Gerhard Hanappi
1%
1961 10 Autriche Gerhard Hanappi
1%
1961 17 Portugal Germano
1%
1961 35 Autriche Gernot Fraydl
1%
1972 11 Pays-Bas Gerrie Mühren
1%
1961 28 Allemagne de l'Ouest Gert Dörfel
1%
1969 23 France Gilbert Gress
1%
1972 18 Italie Giorgio Chinaglia
1%
1963 8 Italie Giovanni Trapattoni
1%
1958 25 Italie Glampiero Boniperti
1%
1983 23 Suède Glenn Hysén
1%
1987 10 Suède Glenn Hysén
1%
1988 13 Suède Glenn Hysén
1%
1989 17 Suède Glenn Hysén
1%
1977 26 Ecosse Gordon McQueen
1%
1979 21 Ecosse Gordon McQueen
1%
1983 4 Ecosse Gordon Strachan
1%
1984 18 Ecosse Gordon Strachan
1%
1965 8 Bulgarie Gueorgi Asparoukhov
1%
1966 14 Bulgarie Gueorgi Asparoukhov
1%
1971 4 Allemagne de l'Ouest Günter Netzer
1%
1972 2 Allemagne de l'Ouest Günter Netzer
1%
1973 9 Allemagne de l'Ouest Günter Netzer
1%
1975 14 Allemagne de l'Ouest Günter Netzer
1%
1957 12 Hongrie Gyula Grosics
1%
1959 13 Hongrie Gyula Grosics
1%
1961 10 Hongrie Gyula Grosics
1%
1970 24 Allemagne de l'Est Hans-Jürgen Kreische
1%
1973 19 Allemagne de l'Est Hans-Jürgen Kreische
1%
1963 12 Suède Harry Bild
1%
1958 8 Irlande du Nord Harry Gregg
1%
2002 11 Turquie Hasan Şaş
1%
1977 20 Allemagne de l'Ouest Heinz Flohe
1%
1987 21 Suisse Heinz Hermann
1%
1986 8 Roumanie Helmuth Duckadam
1%
1980 7 Autriche Herbert Prohaska
1%
1985 29 Autriche Herbert Prohaska
1%
1980 6 Allemagne Horst Hrubesch
1%
1981 16 Allemagne de l'Ouest Horst Hrubesch
1%
1961 23 Autriche Horst Nemec
1%
1962 19 Autriche Horst Nemec
1%
1957 22 Allemagne de l'Ouest Horst Szymaniak
1%
1958 8 Allemagne de l'Ouest Horst Szymaniak
1%
1959 10 Allemagne de l'Ouest Horst Szymaniak
1%
1960 9 Allemagne de l'Ouest Horst Szymaniak
1%
1961 17 Allemagne de l'Ouest Horst Szymaniak
1%
1966 18 Union Soviétique Igor Tchislenko
1%
1967 9 Union Soviétique Igor Tchislenko
1%
1976 7 Yougoslavie Ivan Ćurković
1%
1965 25 Pays de Galles Ivor Allchurch
1%
1969 23 Tchécoslovaquie Ivo Viktor
1%
1973 23 Tchécoslovaquie Ivo Viktor
1%
1975 17 Tchécoslovaquie Ivo Viktor
1%
1976 3 Tchécoslovaquie Ivo Viktor
1%
1965 25 Suisse Jakob Kuhn
1%
1966 7 Hongrie János Farkas
1%
1967 10 Hongrie János Farkas
1%
1959 23 Hongrie Janos Göröcs
1%
1960 19 Hongrie Janos Göröcs
1%
1962 10 Hongrie János Göröcs
1%
1975 22 Tchécoslovaquie Ján Pivarník
1%
1973 14 Pologne Jan Tomaszewski
1%
1974 13 Pologne Jan Tomaszewski
1%
1976 15 Tchécoslovaquie Jaroslav Pollák
1%
1974 19 France Jean-Marc Guillou
1%
1975 23 France Jean-Marc Guillou
1%
1964 13 Belgique Jean Nicolay
1%
1962 5 Belgique Jef Jurion
1%
1964 19 Belgique Jef Jurion
1%
1974 15 Pologne Jerzy Gorgoń
1%
1965 13 Ecosse Jim Baxter
1%
1967 3 Ecosse Jimmy Johnstone
1%
1968 24 Ecosse Jimmy Johnstone
1%
1969 23 Ecosse Jimmy Johnstone
1%
1976 19 Allemagne de l'Est Joachim Streich
1%
1959 20 Espagne Joan Segarra
1%
1962 19 Espagne Joaquín Peiró
1%
1972 18 Ecosse John Greig
1%
1972 18 Irlande Johnny Giles
1%
1957 17 Angleterre Johnny Haynes
1%
1958 7 Angleterre Johnny Haynes
1%
1961 3 Angleterre Johnny Haynes
1%
1985 18 Danemark John Sivebæk
1%
1981 9 Ecosse John Wark
1%
1967 27 Danemark Jørn Bjerregaard
1%
1961 10 Portugal José Águas
1%
1962 11 Portugal José Águas
1%
1963 11 Italie José Altafini
1%
1964 16 Italie José Altafini
1%
1974 15 Italie José Altafini
1%
1960 13 France Joseph Ujlaki
1%
1961 10 Espagne José Santamaría
1%
1975 17 Yougoslavie Josip Katalinski
1%
1969 15 Tchécoslovaquie Jozef Adamec
1%
1987 21 Pologne Józef Młynarczyk
1%
2002 15 Espagne Juan Carlos Valerón
1%
1956 13 Italie Juan Schiaffino
1%
1957 14 Italie Juan Schiaffino
1%
1997 25 Brésil Juninho Paulista
1%
1975 7 Allemagne de l'Ouest Jupp Heynckes
1%
1976 26 Allemagne de l'Ouest Jupp Heynckes
1%
1977 26 Allemagne de l'Ouest Jürgen Grabowski
1%
1974 10 Allemagne de l'Est Jürgen Sparwasser
1%
1962 3 Allemagne de l'Ouest Karl-Heinz Schnellinger
1%
1963 6 Allemagne de l'Ouest Karl-Heinz Schnellinger
1%
1964 11 Allemagne de l'Ouest Karl-Heinz Schnellinger
1%
1965 12 Allemagne de l'Ouest Karl-Heinz Schnellinger
1%
1961 35 Autriche Karl Stotz
1%
1960 19 Hongrie Karoly Sandor
1%
1963 17 Hongrie Károly Sándor
1%
1969 23 Pologne Kazimierz Deyna
1%
1972 6 Pologne Kazimierz Deyna
1%
1973 6 Pologne Kazimierz Deyna
1%
1974 3 Pologne Kazimierz Deyna
1%
1979 13 Pays-Bas Kees Kist
1%
1956 21 Pays-Bas Kees Rijvers
1%
1977 6 Allemagne de l'Ouest Klaus Fischer
1%
1964 19 Allemagne de l'Est Klaus Urbanczyk
1%
1957 22 Suède Kurt Hamrin
1%
1958 4 Suède Kurt Hamrin
1%
1960 14 Suède Kurt Hamrin
1%
1961 17 Suède Kurt Hamrin
1%
1962 19 Suède Kurt Hamrin
1%
1957 22 Tchécoslovaquie Ladislav Novak
1%
1958 19 Tchécoslovaquie Ladislav Novak
1%
1980 19 Tchécoslovaquie Ladislav Vízek
1%
1985 29 Tchécoslovaquie Ladislav Vízek
1%
1985 21 Hongrie Lajos Détári
1%
1968 17 Hongrie Lajos Szűcs
1%
1959 6 Hongrie Lajos Tichy
1%
1961 28 Hongrie Lajos Tichy
1%
1962 25 Hongrie Lajos Tichy
1%
1958 19 Suède Lennart Skoglund
1%
1975 23 Union Soviétique Leonid Buryak
1%
1979 7 Irlande Liam Brady
1%
1980 8 République d'Irlande Liam Brady
1%
1981 9 République d'Irlande Liam Brady
1%
1983 23 République d'Irlande Liam Brady
1%
1967 27 Luxembourg Louis Pilot
1%
1968 24 Luxembourg Louis Pilot
1%
1969 18 Luxembourg Louis Pilot
1%
1963 21 Allemagne de l'Est Manfred Kaiser
1%
1980 19 Portugal Manuel Bento
1%
1969 18 Espagne Manuel Velázquez
1%
1980 27 Roumanie Marcel Răducanu
1%
1982 15 Italie Marco Tardelli
1%
1976 9 Tchécoslovaquie Marián Masný
1%
1978 18 Tchécoslovaquie Marián Masný
1%
1999 21 Allemagne Mario Basler
1%
1961 35 Portugal Mário Coluna
1%
1963 21 Portugal Mário Coluna
1%
1965 17 Portugal Mário Coluna
1%
1966 13 Portugal Mário Coluna
1%
1964 7 Italie Mario Corso
1%
1965 15 Italie Mario Corso
1%
1966 11 Italie Mario Corso
1%
1984 22 Angleterre Mark Hateley
1%
1985 29 Angleterre Mark Hateley
1%
1987 14 Angleterre Mark Hateley
1%
1971 8 Angleterre Martin Chivers
1%
1963 21 Turquie Metin Oktay
1%
1956 13 Italie Miguel Montuori
1%
1961 17 Union Soviétique Mikhaïl Meskhi
1%
1962 8 Yougoslavie Milan Galić
1%
1965 17 Yougoslavie Milan Galić
1%
1968 24 Yougoslavie Mirsad Fazlagić
1%
1972 11 Union Soviétique Mourtaz Khourtsilava
1%
1968 24 Union Soviétique Murtaz Khurtsilava
1%
1964 19 France Néstor Combín
1%
1967 27 France Nestor Combin
1%
1985 18 Pays de Galles Neville Southall
1%
1988 20 Pays de Galles Neville Southall
1%
1967 25 Bulgarie Nikola Kotkov
1%
1958 8 Suède Nils Liedholm
1%
1959 13 Suède Nils Liedholm
1%
1961 28 Suisse Norbert Eschmann
1%
1983 18 Irlande du Nord Norman Whiteside
1%
1988 11 Union soviétique Oleg Kuznetsov
1%
1989 17 Union soviétique Oleg Kuznetsov
1%
1985 7 Union Soviétique Oleh Protasov
1%
1986 6 Union Soviétique Oleksandr Zavarov
1%
1987 17 Union soviétique Oleksandr Zavarov
1%
1988 8 Union soviétique Oleksandr Zavarov
1%
1989 23 Union soviétique Oleksandr Zavarov
1%
1988 4 Union soviétique Oleksiy Mykhaylychenko
1%
1989 12 Union soviétique Oleksiy Mykhaylychenko
1%
1964 19 Danemark Ole Madsen
1%
1958 19 Suède Orvar Bergmark
1%
1967 27 Suède Ove Kindvall
1%
1968 16 Suède Ove Kindvall
1%
1969 4 Suède Ove Kindvall
1%
1970 14 Suède Ove Kindvall
1%
1973 23 Irlande du Nord Pat Jennings
1%
1975 27 Irlande du Nord Pat Jennings
1%
1985 21 Irlande du Nord Pat Jennings
1%
1996 22 République Tchèque Patrik Berger
1%
1987 17 République d'Irlande Paul McGrath
1%
1990 12 République d'Irlande Paul McGrath
1%
1991 13 République d'Irlande Paul McGrath
1%
1993 26 République d'Irlande Paul McGrath
1%
1984 18 Ecosse Paul McStay
1%
1963 12 Belgique Paul Van Himst
1%
1964 5 Belgique Paul Van Himst
1%
1965 4 Belgique Paul Van Himst
1%
1966 18 Belgique Paul Van Himst
1%
1967 20 Belgique Paul Van Himst
1%
1972 11 Belgique Paul Van Himst
1%
1986 21 Union Soviétique Pavel Yakovenko
1%
1956 13 Espagne Pepillo II
1%
1969 9 Bulgarie Petar Jekov
1%
1987 21 Angleterre Peter Beardsley
1%
1975 11 Ecosse Peter Lorimer
1%
1985 21 Angleterre Peter Reid
1%
1965 17 France Philippe Gondet
1%
1969 8 Italie Pierino Prati
1%
1971 9 Pays-Bas Piet Keizer
1%
1972 5 Pays-Bas Piet Keizer
1%
1985 14 Espagne Rafael Gordillo
1%
1974 19 Allemagne de l'Ouest Rainer Bonhof
1%
1976 9 Allemagne de l'Ouest Rainer Bonhof
1%
1977 20 Allemagne de l'Ouest Rainer Bonhof
1%
1978 21 Allemagne de l'Ouest Rainer Bonhof
1%
1973 9 Suède Ralf Edström
1%
1974 10 Suède Ralf Edström
1%
1975 14 Suède Ralf Edström
1%
1981 7 Union Soviétique Ramaz Shengelia
1%
1977 26 Angleterre Ray Kennedy
1%
1970 10 Pays-Bas Rinus Israël
1%
1974 8 Pologne Robert Gadocha
1%
1987 21 Roumanie Rodion Cămătaru
1%
1973 19 Suède Roland Sandberg
1%
1974 13 Suède Ronnie Hellström
1%
1977 13 Suède Ronnie Hellström
1%
1978 6 Suède Ronnie Hellström
1%
1979 27 Suède Ronnie Hellström
1%
1961 35 Tchécoslovaquie Rudolf Kučera
1%
1975 6 Pays-Bas Ruud Geels
1%
1977 20 Pays-Bas Ruud Geels
1%
1965 25 Allemagne de l'Ouest Sigfried Held
1%
1984 22 Roumanie Silviu Lung
1%
1979 21 Pays-Bas Simon Tahamata
1%
1999 13 RF Yougoslavie Siniša Mihajlović
1%
1961 23 Union Soviétique Slava Metreveli
1%
1965 17 Union Soviétique Slava Metreveli
1%
1987 30 Albanie Sokol Kushta
1%
1985 29 Ecosse Steve Archibald
1%
1977 10 Irlande Steve Heighway
1%
1983 33 Bulgarie Stoycho Mladenov
1%
1963 21 Tchécoslovaquie Svatopluk Pluskal
1%
1988 11 Turquie Tanju Çolak
1%
1970 18 Angleterre Terry Cooper
1%
1971 18 Angleterre Terry Cooper
1%
1980 15 Angleterre Terry McDermott
1%
1976 14 Hongrie Tibor Nyilasi
1%
1977 7 Hongrie Tibor Nyilasi
1%
1981 28 Hongrie Tibor Nyilasi
1%
1983 33 Hongrie Tibor Nyilasi
1%
1985 21 Hongrie Tibor Nyilasi
1%
1959 17 Tchécoslovaquie Titus Bubernik
1%
1967 6 Ecosse Tommy Gemmell
1%
1968 24 Ecosse Tommy Gemmell
1%
1966 18 Irlande Tony Dunne
1%
1979 15 Angleterre Tony Woodcock
1%
1982 15 Suède Torbjörn Nilsson
1%
1984 22 Suède Torbjörn Nilsson
1%
1977 13 Angleterre Trevor Brooking
1%
1979 27 Angleterre Trevor Brooking
1%
1981 19 Angleterre Trevor Brooking
1%
1979 7 Angleterre Trevor Francis
1%
1980 27 Angleterre Trevor Francis
1%
1973 11 Allemagne de l'Ouest Uli Hoeneb
1%
1974 19 Allemagne de l'Ouest Uli Hoeneb
1%
1985 21 Yougoslavie Vahid Halilhodžić
1%
1964 10 URSS Valeri Voronine
1%
1965 8 Union Soviétique Valeri Voronine
1%
1966 11 Union Soviétique Valeri Voronine
1%
1983 23 Grèce Vassilis Hatzipanagis
1%
1961 17 Union Soviétique Viktor Ponedelnik
1%
1962 19 Tchécoslovaquie Viliam Schrojf
1%
1980 22 Yougoslavie Vladimir Petrović
1%
1981 16 Yougoslavie Vladimir Petrović
1%
1973 23 Yougoslavie Vladislav Bogićević
1%
1969 23 Union Soviétique Volodymyr Muntian
1%
1979 27 Autriche Walter Schachner
1%
1982 15 Autriche Walter Schachner
1%
1988 17 Italie Walter Zenga
1%
1990 12 Italie Walter Zenga
1%
1966 18 Allemagne de l'Ouest Willi Schulz
1%
1968 12 Allemagne de l'Ouest Willi Schulz
1%
1970 14 Pays-Bas Wim van Hanegem
1%
1967 16 Pologne Włodzimierz Lubański
1%
1969 23 Pologne Włodzimierz Lubański
1%
1972 7 Pologne Włodzimierz Lubański
1%
1973 17 Pologne Włodzimierz Lubański
1%
1967 20 Allemagne de l'Ouest Wolfgang Overath
1%
1970 5 Allemagne de l'Ouest Wolfgang Overath
1%
1971 18 Allemagne de l'Ouest Wolfgang Overath
1%
1973 18 Allemagne de l'Ouest Wolfgang Overath
1%
1959 12 Union Soviétique Youri Voïnov
1%
1978 15 Tchécoslovaquie Zdeněk Nehoda
1%
1979 9 Tchécoslovaquie Zdeněk Nehoda
1%
1980 27 Tchécoslovaquie Zdeněk Nehoda
1%
1999 14 Slovénie Zlatko Zahovič
1%
2000 12 Slovénie Zlatko Zahovič
1%
1967 20 Yougoslavie Zvezdan Čebinac
1%
1967 27 Pologne Zygfryd Szołtysik
1%
1991 13 Espagne Aitor Begiristain
0%
1991 21 Union soviétique Alexei Mikhailitchenko
0%
2020 XXX XXX ANNULÉ
0%
1995 23 Ghana Anthony Yeboah
0%
1997 33 Norvège Bent Skammelsrud
0%
1996 22 Allemagne Christian Ziege
0%
2001 18 Italie Damiano Tommasi
0%
1991 2 Yougoslavie Darko Pančev
0%
1991 13 Pays de Galles Dean Saunders
0%
1993 26 Belgique Georges Grün
0%
1993 21 Italie Giuseppe Signori
0%
1994 16 Italie Giuseppe Signori
0%
1990 10 Allemagne Guido Buchwald
0%
1991 21 Allemagne Guido Buchwald
0%
1991 21 Luxembourg Guy Hellers
0%
1961 35 Irlande du Nord Jimmy McIlroy
0%
1992 14 Danemark John Jensen
0%
1994 16 Espagne José Luis Caminero
0%
1995 27 Argentine Juan Esnaider
0%
1989 17 Espagne Julio Salinas
0%
1989 8 Allemagne de l'Ouest Jürgen KlinsmannLabe
0%
1989 14 Allemagne de l'Ouest Karl-Heinz Riedle
0%
1997 15 Bulgarie Krasimir Balakov
0%
1994 16 Bulgarie Krassimir Balakov
0%
1996 19 Suisse / Turquie Kubilay Türkyılmaz
0%
1991 8 Roumanie Miodrag Belodedici
0%
2003 18 Turquie Nihat
0%
1998 28 Grèce Níkos Machlás
0%
1997 24 Allemagne Olaf Thon
0%
1994 21 Autriche Otto Konrad
0%
1989 17 République d'Irlande Pat Bonner
0%
1996 26 République Tchèque Radek Bejbl
0%
1989 23 Luxembourg Robby Langers
0%
2007 27 Brésil Rogerio Ceni
0%
1956 21 France Roger Plantoni
0%
2002 24 Espagne Rubén Baraja
0%
2004 24 Espagne Rubén Baraja
0%
1992 20 Norvège Rune Bratseth
0%
1993 15 Norvège Rune Bratseth
0%
1996 28 Espagne Sergi Barjuan
0%
1993 21 Russie Sergueï Kiriakov
0%
1989 23 Pays-Bas Theo Snelders
0%
1991 21 Allemagne Thomas Doll
0%
1989 23 Allemagne de l'Ouest Thomas Häbler
0%
1992 4 Allemagne Thomas Häbler
0%
1994 7 Suède Thomas Ravelli
0%
2004 17 Grèce Traianos Dellas
0%
2004 28 Espagne Vicente
0%
2007 29 Irak Younis Mahmoud
0%
Aucun quiz correspondant
Distribution des résultats
% des personnes avec chaque résultat
Percentile par nombre de réponses
Votre historique - résultats
Vous n’avez pas pris ce quiz